{"text_format":"1","workbook":"xlsx","n_sheets":6,"sheets":["ORÇAMENTO","QUANTITATIVO","COMPOSIÇÕES","MEDIANA","CRONOGRAMA","BDI"],"not_rendered":{"charts":0,"images":1,"macros":1,"external_links":0,"defined_names":13,"comments":4,"pivot_tables":0},"unopened":[],"bounds":{"document_bytes":16777216,"sheet_cells":100000,"rows_first":2000,"rows_last":500,"rows_between":2000,"halvings":0,"cell_chars":16384,"cell_head_chars":4096},"cells_cut":0,"cells_raw":0,"read":"whole","date_system":"1900"}

{"sheet":"ORÇAMENTO","index":0,"n_rows":211,"n_cols":9,"rows_kept":211,"cut":false,"hidden":false,"merged":[]}
[]
[null,"OBRA:","Reforma Ginásio Escola Municipal Nova Brasília",null,null,"DATA BASE:","2021-07-01"]
[null,"CLIENTE:","Município de Rodeio",null,null,"BDI:",0.25]
[null,"CPF/CNPJ:","83.102.814/0001-64"]
[null,"LOCALIZAÇÃO:","Rua Nova Brasília, n° 40, Glória - Rodeio - SC"]
[]
["PLANILHA ORÇAMENTÁRIA ESTIMATIVA"]
[]
["ITEM","REFERÊNCIA","CÓDIGO","DESCRIÇÃO","UND","QUANT","CUSTO UNITÁRIO","PREÇO UNITÁRIO","PREÇO TOTAL"]
[1,"SERVIÇOS PRELIMINARES E CANTEIRO DE OBRAS"]
["1.1","ADMINISTRAÇÃO GERAL"]
["1.1.1","COMPOSIÇÕES","COMP01","ADMINISTRAÇÃO LOCAL","MÊS",3,3165.6000000000004,3957,11871]
["1.1.2","SINAPI COMPOSIÇÕES",93210,"EXECUÇÃO DE REFEITÓRIO EM CANTEIRO DE OBRA EM CHAPA DE MADEIRA COMPENSADA, NÃO INCLUSO MOBILIÁRIO E EQUIPAMENTOS. AF_02/2016","M2",6,573.36,716.7,4300.2]
["1.1.3","SINAPI INSUMOS",4813,"PLACA DE OBRA (PARA CONSTRUCAO CIVIL) EM CHAPA GALVANIZADA *N. 22*, ADESIVADA, DE *2,0 X 1,125* M","M2    ",2.2400000000000002,225,281.25,630]
["1.1.4","COMPOSIÇÕES","COMP02","MOBILIZAÇÃO DE EQUIPAMENTOS","VB",1,802.2,1002.75,1002.75]
["1.1.5","COMPOSIÇÕES","COMP03","DESMOBILIZAÇÃO DE EQUIPAMENTOS","VB",1,802.2,1002.75,1002.75]
["1.1",null,null,null,null,null,null,"TOTAL DO SUBITEM",18806.7]
["1.2","REMOÇÕES E DEMOLIÇÕES "]
["1.2.1","SICRO",1600436,"DEMOLIÇÃO DE CONCRETO SIMPLES","M3",3.81,322.38,402.98,1535.35]
["1.2.2","SINAPI COMPOSIÇÕES",90446,"RASGO EM CONTRAPISO PARA RAMAIS/ DISTRIBUIÇÃO COM DIÂMETROS MAIORES QUE 75 MM. AF_05/2015","M",35,27.93,34.909999999999997,1221.8499999999999]
["1.2.3","SINAPI COMPOSIÇÕES",98528,"REMOÇÃO DE RAÍZES REMANESCENTES DE TRONCO DE ÁRVORE COM DIÂMETRO MAIOR OU IGUAL A 0,60 M.AF_05/2018","UN",2,208.51,260.64,521.28]
["1.2.4","SINAPI COMPOSIÇÕES",100981,"CARGA, MANOBRA E DESCARGA DE ENTULHO EM CAMINHÃO BASCULANTE 6 M³ - CARGA COM ESCAVADEIRA HIDRÁULICA  (CAÇAMBA DE 0,80 M³ / 111 HP) E DESCARGA LIVRE (UNIDADE: M3). AF_07/2020","M3",10.18125,6.36,7.95,80.94]
["1.2.5","SINAPI COMPOSIÇÕES",97914,"TRANSPORTE COM CAMINHÃO BASCULANTE DE 6 M³, EM VIA URBANA PAVIMENTADA, DMT ATÉ 30 KM (UNIDADE: M3XKM). AF_07/2020","M3XKM",305.4375,1.99,2.4900000000000002,760.54]
["1.2",null,null,null,null,null,null,"TOTAL DO SUBITEM",4119.9599999999991]
[null,null,null,null,null,null,null,"TOTAL DO ITEM",22926.66]
[2,"REFORMA DA ÁREA DA QUADRA"]
["2.1","PREPAROS INICIAIS"]
["2.1.1","SINAPI COMPOSIÇÕES",97661,"REMOÇÃO DE CABOS ELÉTRICOS, DE FORMA MANUAL, SEM REAPROVEITAMENTO. AF_12/2017","M",150,0.63,0.79,118.5]
["2.1.2","SINAPI COMPOSIÇÕES",99059,"LOCACAO CONVENCIONAL DE OBRA, UTILIZANDO GABARITO DE TÁBUAS CORRIDAS PONTALETADAS A CADA 2,00M -  2 UTILIZAÇÕES. AF_10/2018","M",50,55.25,69.06,3453]
["2.1",null,null,null,null,null,null,"TOTAL DO SUBITEM",3571.5]
["2.2","RECUPERAÇÃO DE CONTRAPISO "]
["2.2.1","SINAPI COMPOSIÇÕES",97083,"COMPACTAÇÃO MECÂNICA DE SOLO PARA EXECUÇÃO DE RADIER, COM COMPACTADOR DE SOLOS A PERCUSSÃO. AF_09/2017","M2",75.849999999999994,2.79,3.49,264.72000000000003]
["2.2.2","SINAPI COMPOSIÇÕES",96622,"LASTRO COM MATERIAL GRANULAR, APLICADO EM PISOS OU LAJES SOBRE SOLO, ESPESSURA DE *5 CM*. AF_08/2017","M3",3.8250000000000002,112.66,140.83000000000001,538.66999999999996]
["2.2",null,null,null,null,null,null,"TOTAL DO SUBITEM",803.39]
["2.3","CONTRAPISO NOVO SOBRE O EXISTENTE"]
["2.3.1","COMPOSIÇÕES","COMP05","CONTRAPISO EM ARGAMASSA TRAÇO 1:4 (CIMENTO E AREIA), PREPARO MECÂNICO COM BETONEIRA 400L, APLICADO EM ÁREAS SECAS SOBRE LAJE, NÃO ADERIDO, ESPESSURA 8CM. AF_06/2014","M2",672,55.339999999999996,69.180000000000007,46488.959999999999]
["2.3.2","SINAPI COMPOSIÇÕES",97088,"ARMAÇÃO PARA EXECUÇÃO DE RADIER, COM USO DE TELA Q-92. AF_09/2017","KG",994.56,22.36,27.95,27797.95]
["2.3.3","SINAPI COMPOSIÇÕES",98576,"TRATAMENTO DE JUNTA DE DILATAÇÃO COM MANTA ASFÁLTICA ADERIDA COM MAÇARICO. AF_06/2018","M",201,16.86,21.08,4237.08]
["2.3",null,null,null,null,null,null,"TOTAL DO SUBITEM",78523.990000000005]
["2.4","PINTURAS E DEMARCAÇÕES "]
["2.4.1","SINAPI COMPOSIÇÕES",102488,"PREPARO DO PISO CIMENTADO PARA PINTURA - LIXAMENTO E LIMPEZA. AF_05/2021","M2",672,3.05,3.81,2560.3200000000002]
["2.4.2","SINAPI COMPOSIÇÕES",102494,"PINTURA DE PISO COM TINTA EPÓXI, APLICAÇÃO MANUAL, 2 DEMÃOS, INCLUSO PRIMER EPÓXI. AF_05/2021","M2",672,40.28,50.35,33835.199999999997]
["2.4.3","SINAPI COMPOSIÇÕES",102505,"PINTURA DE DEMARCAÇÃO DE QUADRA POLIESPORTIVA COM BORRACHA CLORADA, E = 5 CM, APLICAÇÃO MANUAL. AF_05/2021","M",360,9.5399999999999991,11.93,4294.8]
["2.4",null,null,null,null,null,null,"TOTAL DO SUBITEM",40690.32]
["2.5","SUBSTITUIÇÃO DE REDES"]
["2.5.1","MEDIANA","MED01","PAR DE REDE PARA TRAVE DE GOL SOCIETY SUIÇO 4 MTS CAIXOTE FIO 4 NYLON","UND",1,470,587.5,587.5]
["2.5.2","MEDIANA","MED02","REDE DE PROTEÇÃO ESPORTIVA SOB MEDIDA FIO 4 MALHA 15CM","UND",1,5400,6750,6750]
["2.5",null,null,null,null,null,null,"TOTAL DO SUBITEM",7337.5]
[null,null,null,null,null,null,null,"TOTAL DO ITEM",130926.70000000001]
[3,"REFORMA DA ESTRUTURA METÁLICA"]
["3.1","PINTURA DE ESTRUTURAS METÁLICAS"]
["3.1.1","SINAPI COMPOSIÇÕES",100717,"LIXAMENTO MANUAL EM SUPERFÍCIES METÁLICAS EM OBRA. AF_01/2020","M2",841.2,8.41,10.51,8841.01]
["3.1.2","SINAPI COMPOSIÇÕES",100733,"PINTURA COM TINTA ACRÍLICA DE FUNDO PULVERIZADA SOBRE SUPERFÍCIES METÁLICAS (EXCETO PERFIL) EXECUTADO EM OBRA (POR DEMÃO). AF_01/2020_P","M2",841.2,9.4700000000000006,11.84,9959.81]
["3.1",null,null,null,null,null,null,"TOTAL DO SUBITEM",18800.82]
[null,null,null,null,null,null,null,"TOTAL DO ITEM",18800.82]
[4,"REFORMA, AMPLIAÇÃO E EXECUÇÃO DE NOVOS MUROS"]
["4.1","MOVIMENTAÇÕES DE TERRA"]
["4.1.1","SINAPI COMPOSIÇÕES",96525,"ESCAVAÇÃO MECANIZADA PARA VIGA BALDRAME, COM PREVISÃO DE FÔRMA, COM MINI-ESCAVADEIRA. AF_06/2017","M3",2.0474999999999999,30.31,37.89,77.58]
["4.1.2","SINAPI COMPOSIÇÕES",96523,"ESCAVAÇÃO MANUAL PARA BLOCO DE COROAMENTO OU SAPATA, COM PREVISÃO DE FÔRMA. AF_06/2017","M3",3.2760000000000002,82.27,102.84,336.9]
["4.1.3","SINAPI COMPOSIÇÕES",100973,"CARGA, MANOBRA E DESCARGA DE SOLOS E MATERIAIS GRANULARES EM CAMINHÃO BASCULANTE 6 M³ - CARGA COM PÁ CARREGADEIRA (CAÇAMBA DE 1,7 A 2,8 M³ / 128 HP) E DESCARGA LIVRE (UNIDADE: M3). AF_07/2020","M3",5.3235000000000001,6.36,7.95,42.32]
["4.1.4","SINAPI COMPOSIÇÕES",97914,"TRANSPORTE COM CAMINHÃO BASCULANTE DE 6 M³, EM VIA URBANA PAVIMENTADA, DMT ATÉ 30 KM (UNIDADE: M3XKM). AF_07/2020","M3XKM",159.70500000000001,1.99,2.4900000000000002,397.67]
["4.1",null,null,null,null,null,null,"TOTAL DO SUBITEM",854.47]
["4.2","INFRAESTRUTURA"]
["4.2.1","SINAPI COMPOSIÇÕES",101173,"ESTACA BROCA DE CONCRETO, DIÂMETRO DE 20CM, ESCAVAÇÃO MANUAL COM TRADO CONCHA, COM ARMADURA DE ARRANQUE. AF_05/2020","M",45,55.71,69.64,3133.8]
["4.2.2","SINAPI COMPOSIÇÕES",94962,"CONCRETO MAGRO PARA LASTRO, TRAÇO 1:4,5:4,5 (EM MASSA SECA DE CIMENTO/ AREIA MÉDIA/ BRITA 1) - PREPARO MECÂNICO COM BETONEIRA 400 L. AF_05/2021","M3",0.36,305.14,381.43,137.31]
["4.2.3","SINAPI COMPOSIÇÕES",96536,"FABRICAÇÃO, MONTAGEM E DESMONTAGEM DE FÔRMA PARA VIGA BALDRAME, EM MADEIRA SERRADA, E=25 MM, 4 UTILIZAÇÕES. AF_06/2017","M2",15.44,75.430000000000007,94.29,1455.84]
["4.2.4","SINAPI COMPOSIÇÕES",96535,"FABRICAÇÃO, MONTAGEM E DESMONTAGEM DE FÔRMA PARA SAPATA, EM MADEIRA SERRADA, E=25 MM, 4 UTILIZAÇÕES. AF_06/2017","M2",8.25,148.62,185.78,1532.69]
["4.2.5","SINAPI COMPOSIÇÕES",96543,"ARMAÇÃO DE BLOCO, VIGA BALDRAME E SAPATA UTILIZANDO AÇO CA-60 DE 5 MM - MONTAGEM. AF_06/2017","KG",19.95,19.47,24.34,485.58]
["4.2.6","SINAPI COMPOSIÇÕES",96545,"ARMAÇÃO DE BLOCO, VIGA BALDRAME OU SAPATA UTILIZANDO AÇO CA-50 DE 8 MM - MONTAGEM. AF_06/2017","KG",11,17.34,21.68,238.48]
["4.2.7","SINAPI COMPOSIÇÕES",96546,"ARMAÇÃO DE BLOCO, VIGA BALDRAME OU SAPATA UTILIZANDO AÇO CA-50 DE 10 MM - MONTAGEM. AF_06/2017","KG",121.7,15.54,19.43,2364.63]
["4.2.8","SINAPI COMPOSIÇÕES",96557,"CONCRETAGEM DE BLOCOS DE COROAMENTO E VIGAS BALDRAMES, FCK 30 MPA, COM USO DE BOMBA \u0096 LANÇAMENTO, ADENSAMENTO E ACABAMENTO. AF_06/2017","M3",1.1800000000000002,473.96,592.45000000000005,699.09]
["4.2.9","SINAPI COMPOSIÇÕES",96558,"CONCRETAGEM DE SAPATAS, FCK 30 MPA, COM USO DE BOMBA \u0096 LANÇAMENTO, ADENSAMENTO E ACABAMENTO. AF_11/2016","M3",1.61,480.6,600.75,967.21]
["4.2",null,null,null,null,null,null,"TOTAL DO SUBITEM",11014.629999999997]
["4.3","SUPRAESTRUTURA"]
["4.3.1","SINAPI COMPOSIÇÕES",89995,"GRAUTEAMENTO DE CINTA SUPERIOR OU DE VERGA EM ALVENARIA ESTRUTURAL. AF_01/2015","M3",0.25,706.33,882.91,220.73]
["4.3.2","SINAPI COMPOSIÇÕES",89996,"ARMAÇÃO VERTICAL DE ALVENARIA ESTRUTURAL; DIÂMETRO DE 10,0 MM. AF_01/2015","KG",11.88,13.11,16.39,194.71]
["4.3.3","SINAPI COMPOSIÇÕES",89998,"ARMAÇÃO DE CINTA DE ALVENARIA ESTRUTURAL; DIÂMETRO DE 10,0 MM. AF_01/2015","KG",69.900000000000006,12.61,15.76,1101.6199999999999]
["4.3.4","SINAPI COMPOSIÇÕES",92421,"MONTAGEM E DESMONTAGEM DE FÔRMA DE PILARES RETANGULARES E ESTRUTURAS SIMILARES, PÉ-DIREITO DUPLO, EM CHAPA DE MADEIRA COMPENSADA RESINADA, 4 UTILIZAÇÕES. AF_09/2020","M2",45.6,98.08,122.6,5590.56]
["4.3.5","SINAPI COMPOSIÇÕES",92775,"ARMAÇÃO DE PILAR OU VIGA DE UMA ESTRUTURA CONVENCIONAL DE CONCRETO ARMADO EM UMA EDIFICAÇÃO TÉRREA OU SOBRADO UTILIZANDO AÇO CA-60 DE 5,0 MM - MONTAGEM. AF_12/2015","KG",65,19.63,24.54,1595.1]
["4.3.6","SINAPI COMPOSIÇÕES",92778,"ARMAÇÃO DE PILAR OU VIGA DE UMA ESTRUTURA CONVENCIONAL DE CONCRETO ARMADO EM UMA EDIFICAÇÃO TÉRREA OU SOBRADO UTILIZANDO AÇO CA-50 DE 10,0 MM - MONTAGEM. AF_12/2015","KG",188,15.47,19.34,3635.92]
["4.3.7","SINAPI COMPOSIÇÕES",92720,"CONCRETAGEM DE PILARES, FCK = 25 MPA, COM USO DE BOMBA EM EDIFICAÇÃO COM SEÇÃO MÉDIA DE PILARES MENOR OU IGUAL A 0,25 M² - LANÇAMENTO, ADENSAMENTO E ACABAMENTO. AF_12/2015","M3",3,455.37,569.21,1707.63]
["4.3",null,null,null,null,null,null,"TOTAL DO SUBITEM",14046.27]
["4.4","ALVENARIA DE VEDAÇÃO COM BLOCOS CERÂMICOS "]
["4.4.1","SINAPI COMPOSIÇÕES",97622,"DEMOLIÇÃO DE ALVENARIA DE BLOCO FURADO, DE FORMA MANUAL, SEM REAPROVEITAMENTO. AF_12/2017","M3",15,46.32,57.9,868.5]
["4.4.2","SINAPI COMPOSIÇÕES",87477,"ALVENARIA DE VEDAÇÃO DE BLOCOS CERÂMICOS FURADOS NA VERTICAL DE 9X19X39CM (ESPESSURA 9CM) DE PAREDES COM ÁREA LÍQUIDA MAIOR OU IGUAL A 6M² SEM VÃOS E ARGAMASSA DE ASSENTAMENTO COM PREPARO EM BETONEIRA. AF_06/2014","M2",133,52.71,65.89,8763.3700000000008]
["4.4.3","SINAPI COMPOSIÇÕES",89284,"ALVENARIA ESTRUTURAL DE BLOCOS CERÂMICOS 14X19X39, (ESPESSURA DE 14 CM), PARA PAREDES COM ÁREA LÍQUIDA MAIOR OU IGUAL QUE 6M², SEM VÃOS, UTILIZANDO PALHETA E ARGAMASSA DE ASSENTAMENTO COM PREPARO EM BETONEIRA. AF_12/2014","M2",40,69.28,86.6,3464]
["4.4",null,null,null,null,null,null,"TOTAL DO SUBITEM",13095.87]
["4.5","CHAPISCO E REBOCO"]
["4.5.1","SINAPI COMPOSIÇÕES",87894,"CHAPISCO APLICADO EM ALVENARIA (SEM PRESENÇA DE VÃOS) E ESTRUTURAS DE CONCRETO DE FACHADA, COM COLHER DE PEDREIRO.  ARGAMASSA TRAÇO 1:3 COM PREPARO EM BETONEIRA 400L. AF_06/2014","M2",565.75,5.81,7.26,4107.3500000000004]
["4.5.2","SINAPI COMPOSIÇÕES",87529,"MASSA ÚNICA, PARA RECEBIMENTO DE PINTURA, EM ARGAMASSA TRAÇO 1:2:8, PREPARO MECÂNICO COM BETONEIRA 400L, APLICADA MANUALMENTE EM FACES INTERNAS DE PAREDES, ESPESSURA DE 20MM, COM EXECUÇÃO DE TALISCAS. AF_06/2014","M2",565.75,29.67,37.090000000000003,20983.67]
["4.5",null,null,null,null,null,null,"TOTAL DO SUBITEM",25091.019999999997]
["4.6","PINTURA DE MURO"]
["4.6.1","SINAPI COMPOSIÇÕES",88489,"APLICAÇÃO MANUAL DE PINTURA COM TINTA LÁTEX ACRÍLICA EM PAREDES, DUAS DEMÃOS. AF_06/2014","M2",565.75,12.76,15.95,9023.7099999999991]
["4.6",null,null,null,null,null,null,"TOTAL DO SUBITEM",9023.7099999999991]
["4.7","CHAPIM"]
["4.7.1","SINAPI COMPOSIÇÕES",101979,"CHAPIM (RUFO CAPA) EM AÇO GALVANIZADO, CORTE 33. AF_11/2020","M",139,52.42,65.53,9108.67]
["4.7",null,null,null,null,null,null,"TOTAL DO SUBITEM",9108.67]
["4.8","PORTÕES DE ACESSO"]
["4.8.1","MEDIANA","MED03","PORTÃO METÁLICO TAM= 3,60m x 2,50m","UND",1,5300,6625,6625]
["4.8.2","MEDIANA","MED04","PORTÃO METÁLICO TAM= 5,00m x 2,50m","UND",1,7090,8862.5,8862.5]
["4.8",null,null,null,null,null,null,"TOTAL DO SUBITEM",15487.5]
[null,null,null,null,null,null,null,"TOTAL DO ITEM",97722.14]
[5,"CONSTRUÇÃO DE NOVO DEPÓSITO"]
["5.1","INFRAESTRUTURA"]
["5.1.1","SINAPI COMPOSIÇÕES",101173,"ESTACA BROCA DE CONCRETO, DIÂMETRO DE 20CM, ESCAVAÇÃO MANUAL COM TRADO CONCHA, COM ARMADURA DE ARRANQUE. AF_05/2020","M",3,55.71,69.64,208.92]
["5.1.2","SINAPI COMPOSIÇÕES",94962,"CONCRETO MAGRO PARA LASTRO, TRAÇO 1:4,5:4,5 (EM MASSA SECA DE CIMENTO/ AREIA MÉDIA/ BRITA 1) - PREPARO MECÂNICO COM BETONEIRA 400 L. AF_05/2021","M3",0.14399999999999999,305.14,381.43,54.93]
["5.1.3","SINAPI COMPOSIÇÕES",96536,"FABRICAÇÃO, MONTAGEM E DESMONTAGEM DE FÔRMA PARA VIGA BALDRAME, EM MADEIRA SERRADA, E=25 MM, 4 UTILIZAÇÕES. AF_06/2017","M2",8.25,75.430000000000007,94.29,777.89]
["5.1.4","SINAPI COMPOSIÇÕES",96535,"FABRICAÇÃO, MONTAGEM E DESMONTAGEM DE FÔRMA PARA SAPATA, EM MADEIRA SERRADA, E=25 MM, 4 UTILIZAÇÕES. AF_06/2017","M2",3.3,148.62,185.78,613.07000000000005]
["5.1.5","SINAPI COMPOSIÇÕES",96543,"ARMAÇÃO DE BLOCO, VIGA BALDRAME E SAPATA UTILIZANDO AÇO CA-60 DE 5 MM - MONTAGEM. AF_06/2017","KG",9.7000000000000011,19.47,24.34,236.1]
["5.1.6","SINAPI COMPOSIÇÕES",96545,"ARMAÇÃO DE BLOCO, VIGA BALDRAME OU SAPATA UTILIZANDO AÇO CA-50 DE 8 MM - MONTAGEM. AF_06/2017","KG",12.3,17.34,21.68,266.66000000000003]
["5.1.7","SINAPI COMPOSIÇÕES",96546,"ARMAÇÃO DE BLOCO, VIGA BALDRAME OU SAPATA UTILIZANDO AÇO CA-50 DE 10 MM - MONTAGEM. AF_06/2017","KG",35.200000000000003,15.54,19.43,683.94]
["5.1.8","SINAPI COMPOSIÇÕES",96557,"CONCRETAGEM DE BLOCOS DE COROAMENTO E VIGAS BALDRAMES, FCK 30 MPA, COM USO DE BOMBA \u0096 LANÇAMENTO, ADENSAMENTO E ACABAMENTO. AF_06/2017","M3",0.5,473.96,592.45000000000005,296.23]
["5.1.9","SINAPI COMPOSIÇÕES",96558,"CONCRETAGEM DE SAPATAS, FCK 30 MPA, COM USO DE BOMBA \u0096 LANÇAMENTO, ADENSAMENTO E ACABAMENTO. AF_11/2016","M3",0.65,480.6,600.75,390.49]
["5.1",null,null,null,null,null,null,"TOTAL DO SUBITEM",3528.2299999999996]
["5.2","LAJES"]
["5.2.1","SINAPI COMPOSIÇÕES",101963,"LAJE PRÉ-MOLDADA UNIDIRECIONAL, BIAPOIADA, PARA PISO, ENCHIMENTO EM CERÂMICA, VIGOTA CONVENCIONAL, ALTURA TOTAL DA LAJE (ENCHIMENTO+CAPA) = (8+4). AF_11/2020","M2",9.99,166.63,208.29,2080.8200000000002]
["5.2.2","SINAPI COMPOSIÇÕES",101964,"LAJE PRÉ-MOLDADA UNIDIRECIONAL, BIAPOIADA, PARA FORRO, ENCHIMENTO EM CERÂMICA, VIGOTA CONVENCIONAL, ALTURA TOTAL DA LAJE (ENCHIMENTO+CAPA) = (8+3). AF_11/2020","M2",9.99,155.93,194.91,1947.15]
["5.2",null,null,null,null,null,null,"TOTAL DO SUBITEM",4027.9700000000003]
["5.3","ALVENARIA DE VEDAÇÃO COM BLOCOS CERÂMICOS ESTRUTURAIS"]
["5.3.1","SINAPI COMPOSIÇÕES",89288,"ALVENARIA ESTRUTURAL DE BLOCOS CERÂMICOS 14X19X39, (ESPESSURA DE 14 CM), PARA PAREDES COM ÁREA LÍQUIDA MAIOR OU IGUAL A 6M², COM VÃOS, UTILIZANDO PALHETA E ARGAMASSA DE ASSENTAMENTO COM PREPARO EM BETONEIRA. AF_12/2014","M2",26.339999999999996,72.02,90.03,2371.39]
["5.3.2","SINAPI COMPOSIÇÕES",89995,"GRAUTEAMENTO DE CINTA SUPERIOR OU DE VERGA EM ALVENARIA ESTRUTURAL. AF_01/2015","M3",0.25,706.33,882.91,220.73]
["5.3.3","SINAPI COMPOSIÇÕES",89996,"ARMAÇÃO VERTICAL DE ALVENARIA ESTRUTURAL; DIÂMETRO DE 10,0 MM. AF_01/2015","KG",9.65,13.11,16.39,158.16]
["5.3",null,null,null,null,null,null,"TOTAL DO SUBITEM",2750.2799999999997]
["5.4","VERGA "]
["5.4.1","SINAPI COMPOSIÇÕES",93188,"VERGA MOLDADA IN LOCO EM CONCRETO PARA PORTAS COM ATÉ 1,5 M DE VÃO. AF_03/2016","M",1.6,75.63,94.54,151.26]
["5.4",null,null,null,null,null,null,"TOTAL DO SUBITEM",151.26]
["5.5","CHAPISCO E REBOCO"]
["5.5.1","SINAPI COMPOSIÇÕES",87894,"CHAPISCO APLICADO EM ALVENARIA (SEM PRESENÇA DE VÃOS) E ESTRUTURAS DE CONCRETO DE FACHADA, COM COLHER DE PEDREIRO.  ARGAMASSA TRAÇO 1:3 COM PREPARO EM BETONEIRA 400L. AF_06/2014","M2",76.485000000000014,5.81,7.26,555.28]
["5.5.2","SINAPI COMPOSIÇÕES",87529,"MASSA ÚNICA, PARA RECEBIMENTO DE PINTURA, EM ARGAMASSA TRAÇO 1:2:8, PREPARO MECÂNICO COM BETONEIRA 400L, APLICADA MANUALMENTE EM FACES INTERNAS DE PAREDES, ESPESSURA DE 20MM, COM EXECUÇÃO DE TALISCAS. AF_06/2014","M2",32.880000000000003,29.67,37.090000000000003,1219.52]
["5.5.3","SINAPI COMPOSIÇÕES",87779,"EMBOÇO OU MASSA ÚNICA EM ARGAMASSA TRAÇO 1:2:8, PREPARO MECÂNICO COM BETONEIRA 400 L, APLICADA MANUALMENTE EM PANOS DE FACHADA COM PRESENÇA DE VÃOS, ESPESSURA DE 35 MM. AF_06/2014","M2",28.710000000000004,56.47,70.59,2026.64]
["5.5",null,null,null,null,null,null,"TOTAL DO SUBITEM",3801.44]
["5.6","PINTURAS E REVESTIMENTOS"]
["5.6.1","SINAPI COMPOSIÇÕES",88489,"APLICAÇÃO MANUAL DE PINTURA COM TINTA LÁTEX ACRÍLICA EM PAREDES, DUAS DEMÃOS. AF_06/2014","M2",61.59,12.76,15.95,982.36]
["5.6.2","SINAPI COMPOSIÇÕES",88488,"APLICAÇÃO MANUAL DE PINTURA COM TINTA LÁTEX ACRÍLICA EM TETO, DUAS DEMÃOS. AF_06/2014","M2",9.99,14.53,18.16,181.42]
["5.6.3","SINAPI COMPOSIÇÕES",93390,"REVESTIMENTO CERÂMICO PARA PISO COM PLACAS TIPO ESMALTADA PADRÃO POPULAR DE DIMENSÕES 35X35 CM APLICADA EM AMBIENTES DE ÁREA ENTRE 5 M2 E 10 M2. AF_06/2014","M2",9.99,37.33,46.66,466.13]
["5.6",null,null,null,null,null,null,"TOTAL DO SUBITEM",1629.9099999999999]
["5.7","ESQUADRIAS"]
["5.7.1","SINAPI COMPOSIÇÕES",100689,"KIT DE PORTA DE MADEIRA FRISADA, SEMI-OCA (LEVE OU MÉDIA), PADRÃO MÉDIO, 80X210CM, ESPESSURA DE 3,5CM, ITENS INCLUSOS: DOBRADIÇAS, MONTAGEM E INSTALAÇÃO DE BATENTE, FECHADURA COM EXECUÇÃO DO FURO - FORNECIMENTO E INSTALAÇÃO. AF_12/2019","UN",1,892.49,1115.6099999999999,1115.6099999999999]
["5.7",null,null,null,null,null,null,"TOTAL DO SUBITEM",1115.6099999999999]
["5.8","IMPERMEABIILIZAÇÕES"]
["5.8.1","SINAPI COMPOSIÇÕES",98546,"IMPERMEABILIZAÇÃO DE SUPERFÍCIE COM MANTA ASFÁLTICA, UMA CAMADA, INCLUSIVE APLICAÇÃO DE PRIMER ASFÁLTICO, E=3MM. AF_06/2018","M2",21.990000000000002,81.209999999999994,101.51,2232.1999999999998]
["5.8",null,null,null,null,null,null,"TOTAL DO SUBITEM",2232.1999999999998]
[null,null,null,null,null,null,null,"TOTAL DO ITEM",19236.900000000001]
[6,"INSTALAÇÕES ELÉTRICAS"]
["6.1","TUBOS, CONEXÕES E ACESSÓRIOS - FORNECIMENTO E INSTALAÇÃO"]
["6.1.1","SINAPI COMPOSIÇÕES",91926,"CABO DE COBRE FLEXÍVEL ISOLADO, 2,5 MM², ANTI-CHAMA 450/750 V, PARA CIRCUITOS TERMINAIS - FORNECIMENTO E INSTALAÇÃO. AF_12/2015","M",606.80000000000007,4.34,5.43,3294.92]
["6.1.2","SINAPI COMPOSIÇÕES",91953,"INTERRUPTOR SIMPLES (1 MÓDULO), 10A/250V, INCLUINDO SUPORTE E PLACA - FORNECIMENTO E INSTALAÇÃO. AF_12/2015","UN",3,27.24,34.049999999999997,102.15]
["6.1.3","SINAPI COMPOSIÇÕES",91959,"INTERRUPTOR SIMPLES (2 MÓDULOS), 10A/250V, INCLUINDO SUPORTE E PLACA - FORNECIMENTO E INSTALAÇÃO. AF_12/2015","UN",1,42.98,53.73,53.73]
["6.1.4","SINAPI COMPOSIÇÕES",91967,"INTERRUPTOR SIMPLES (3 MÓDULOS), 10A/250V, INCLUINDO SUPORTE E PLACA - FORNECIMENTO E INSTALAÇÃO. AF_12/2015","UN",1,58.72,73.400000000000006,73.400000000000006]
["6.1.5","SINAPI COMPOSIÇÕES",91991,"TOMADA ALTA DE EMBUTIR (1 MÓDULO), 2P+T 20 A, SEM SUPORTE E SEM PLACA - FORNECIMENTO E INSTALAÇÃO. AF_12/2015","UN",4,36.869999999999997,46.09,184.36]
["6.1.6","SINAPI COMPOSIÇÕES",95754,"LUVA DE EMENDA PARA ELETRODUTO, AÇO GALVANIZADO, DN 25 MM (1''), APARENTE, INSTALADA EM TETO - FORNECIMENTO E INSTALAÇÃO. AF_11/2016_P","UN",27,9.48,11.85,319.95]
["6.1.7","SINAPI COMPOSIÇÕES",93654,"DISJUNTOR MONOPOLAR TIPO DIN, CORRENTE NOMINAL DE 16A - FORNECIMENTO E INSTALAÇÃO. AF_10/2020","UN",1,12.44,15.55,15.55]
["6.1.8","SINAPI COMPOSIÇÕES",93655,"DISJUNTOR MONOPOLAR TIPO DIN, CORRENTE NOMINAL DE 20A - FORNECIMENTO E INSTALAÇÃO. AF_10/2020","UN",1,13.68,17.100000000000001,17.100000000000001]
["6.1.9","SINAPI COMPOSIÇÕES",91834,"ELETRODUTO FLEXÍVEL CORRUGADO, PVC, DN 25 MM (3/4\"), PARA CIRCUITOS TERMINAIS, INSTALADO EM FORRO - FORNECIMENTO E INSTALAÇÃO. AF_12/2015","M",18,8.01,10.01,180.18]
["6.1.10","SINAPI INSUMOS",39128,"ABRACADEIRA EM ACO PARA AMARRACAO DE ELETRODUTOS, TIPO D, COM 3/4\" E CUNHA DE FIXACAO","UN    ",117,0.75,0.94,109.98]
["6.1.11","SINAPI COMPOSIÇÕES",95745,"ELETRODUTO DE AÇO GALVANIZADO, CLASSE LEVE, DN 20 MM (3/4\u0092\u0092), APARENTE, INSTALADO EM TETO - FORNECIMENTO E INSTALAÇÃO. AF_11/2016_P","M",115,19.61,24.51,2818.65]
["6.1.12","SINAPI COMPOSIÇÕES",91936,"CAIXA OCTOGONAL 4\" X 4\", PVC, INSTALADA EM LAJE - FORNECIMENTO E INSTALAÇÃO. AF_12/2015","UN",1,12.81,16.010000000000002,16.010000000000002]
["6.1.13","SINAPI COMPOSIÇÕES",97612,"LÂMPADA COMPACTA FLUORESCENTE DE 20 W, BASE E27 - FORNECIMENTO E INSTALAÇÃO. AF_02/2020","UN",1,22.88,28.6,28.6]
["6.1.14","SINAPI COMPOSIÇÕES",101654,"LUMINÁRIA DE LED PARA ILUMINAÇÃO PÚBLICA, DE 33 W ATÉ 50 W - FORNECIMENTO E INSTALAÇÃO. AF_08/2020","UN",14,276.51,345.64,4838.96]
["6.1",null,null,null,null,null,null,"TOTAL DO SUBITEM",12053.54]
[null,null,null,null,null,null,null,"TOTAL DO ITEM",12053.54]
[7,"INSTALAÇÕES HIDROSSANITÁRIAS - PLUVIAL"]
["7.1","MOVIMENTAÇÕES DE TERRA"]
["7.1.1","SINAPI COMPOSIÇÕES",102298,"ESCAVAÇÃO MECANIZADA DE VALA COM PROF. ATÉ 1,5 M (MÉDIA ENTRE MONTANTE E JUSANTE/UMA COMPOSIÇÃO POR TRECHO), COM RETROESCAVADEIRA (0,26 M3/88 HP), LARG. MENOR QUE 0,8 M, EM SOLO MOLE, EM LOCAIS COM ALTO NÍVEL DE INTERFERÊNCIA. AF_02/2021","M3",51.745200000000004,13.29,16.61,859.49]
["7.1.2","SINAPI COMPOSIÇÕES",93374,"REATERRO MECANIZADO DE VALA COM RETROESCAVADEIRA (CAPACIDADE DA CAÇAMBA DA RETRO: 0,26 M³ / POTÊNCIA: 88 HP), LARGURA ATÉ 0,8 M, PROFUNDIDADE ATÉ 1,5 M, COM SOLO (SEM SUBSTITUIÇÃO) DE 1ª CATEGORIA EM LOCAIS COM ALTO NÍVEL DE INTERFERÊNCIA. AF_04/2016","M3",40.163999999999994,21.17,26.46,1062.74]
["7.1.3","SINAPI COMPOSIÇÕES",100973,"CARGA, MANOBRA E DESCARGA DE SOLOS E MATERIAIS GRANULARES EM CAMINHÃO BASCULANTE 6 M³ - CARGA COM PÁ CARREGADEIRA (CAÇAMBA DE 1,7 A 2,8 M³ / 128 HP) E DESCARGA LIVRE (UNIDADE: M3). AF_07/2020","M3",11.58120000000001,6.36,7.95,92.07]
["7.1.4","SINAPI COMPOSIÇÕES",97914,"TRANSPORTE COM CAMINHÃO BASCULANTE DE 6 M³, EM VIA URBANA PAVIMENTADA, DMT ATÉ 30 KM (UNIDADE: M3XKM). AF_07/2020","M3XKM",347.43600000000026,1.99,2.4900000000000002,865.12]
["7.1",null,null,null,null,null,null,"TOTAL DO SUBITEM",2879.42]
["7.2","TUBOS, CONEXÕES E ACESSÓRIOS - FORNECIMENTO E INSTALAÇÃO"]
["7.2.1","SINAPI COMPOSIÇÕES",97933,"CAIXA COM GRELHA SIMPLES RETANGULAR, EM CONCRETO PRÉ-MOLDADO, DIMENSÕES INTERNAS: 0,6X1,0X1,0 M. AF_12/2020","UN",3,646.25,807.81,2423.4299999999998]
["7.2.2","SINAPI COMPOSIÇÕES",89710,"RALO SECO, PVC, DN 100 X 40 MM, JUNTA SOLDÁVEL, FORNECIDO E INSTALADO EM RAMAL DE DESCARGA OU EM RAMAL DE ESGOTO SANITÁRIO. AF_12/2014","UN",1,10.51,13.14,13.14]
["7.2.3","SICRO COMPOSIÇÕES",2007971,"DRENO DE PVC D = 100 MM - FORNECIMENTO E INSTALAÇÃO","M",32,80.33,100.41,3213.12]
["7.2.4","SINAPI COMPOSIÇÕES",95694,"CURVA 90 GRAUS, PVC, SERIE R, ÁGUA PLUVIAL, DN 100 MM, JUNTA ELÁSTICA, FORNECIDO E INSTALADO EM RAMAL DE ENCAMINHAMENTO. AF_12/2014","UN",16,71.19,88.99,1423.84]
["7.2.5","SINAPI COMPOSIÇÕES",89531,"JOELHO 45 GRAUS, PVC, SERIE R, ÁGUA PLUVIAL, DN 100 MM, JUNTA ELÁSTICA, FORNECIDO E INSTALADO EM RAMAL DE ENCAMINHAMENTO. AF_12/2014","UN",4,34.79,43.49,173.96]
["7.2.6","SINAPI COMPOSIÇÕES",89591,"JOELHO 45 GRAUS, PVC, SERIE R, ÁGUA PLUVIAL, DN 150 MM, JUNTA ELÁSTICA, FORNECIDO E INSTALADO EM CONDUTORES VERTICAIS DE ÁGUAS PLUVIAIS. AF_12/2014","UN",1,107.38,134.22999999999999,134.22999999999999]
["7.2.7","SINAPI COMPOSIÇÕES",89520,"JOELHO 45 GRAUS, PVC, SERIE R, ÁGUA PLUVIAL, DN 50 MM, JUNTA ELÁSTICA, FORNECIDO E INSTALADO EM RAMAL DE ENCAMINHAMENTO. AF_12/2014","UN",3,12.4,15.5,46.5]
["7.2.8","SINAPI COMPOSIÇÕES",89529,"JOELHO 90 GRAUS, PVC, SERIE R, ÁGUA PLUVIAL, DN 100 MM, JUNTA ELÁSTICA, FORNECIDO E INSTALADO EM RAMAL DE ENCAMINHAMENTO. AF_12/2014","UN",8,43.33,54.16,433.28]
["7.2.9","SINAPI COMPOSIÇÕES",89518,"JOELHO 90 GRAUS, PVC, SERIE R, ÁGUA PLUVIAL, DN 50 MM, JUNTA ELÁSTICA, FORNECIDO E INSTALADO EM RAMAL DE ENCAMINHAMENTO. AF_12/2014","UN",1,14.23,17.79,17.79]
["7.2.10","SINAPI COMPOSIÇÕES",89567,"JUNÇÃO SIMPLES, PVC, SERIE R, ÁGUA PLUVIAL, DN 100 X 100 MM, JUNTA ELÁSTICA, FORNECIDO E INSTALADO EM RAMAL DE ENCAMINHAMENTO. AF_12/2014","UN",2,78.87,98.59,197.18]
["7.2.11","SINAPI COMPOSIÇÕES",89698,"JUNÇÃO SIMPLES, PVC, SERIE R, ÁGUA PLUVIAL, DN 150 X 150 MM, JUNTA ELÁSTICA, FORNECIDO E INSTALADO EM CONDUTORES VERTICAIS DE ÁGUAS PLUVIAIS. AF_12/2014","UN",2,225.77,282.20999999999998,564.41999999999996]
["7.2.12","SINAPI COMPOSIÇÕES",89699,"JUNÇÃO SIMPLES, PVC, SERIE R, ÁGUA PLUVIAL, DN 150 X 100 MM, JUNTA ELÁSTICA, FORNECIDO E INSTALADO EM CONDUTORES VERTICAIS DE ÁGUAS PLUVIAIS. AF_12/2014","UN",1,194.75,243.44,243.44]
["7.2.13","SINAPI COMPOSIÇÕES",89554,"LUVA SIMPLES, PVC, SERIE R, ÁGUA PLUVIAL, DN 100 MM, JUNTA ELÁSTICA, FORNECIDO E INSTALADO EM RAMAL DE ENCAMINHAMENTO. AF_12/2014","UN",29,23.83,29.79,863.91]
["7.2.14","SINAPI COMPOSIÇÕES",89677,"LUVA SIMPLES, PVC, SERIE R, ÁGUA PLUVIAL, DN 150 MM, JUNTA ELÁSTICA, FORNECIDO E INSTALADO EM CONDUTORES VERTICAIS DE ÁGUAS PLUVIAIS. AF_12/2014","UN",4,65.489999999999995,81.86,327.44]
["7.2.15","SINAPI COMPOSIÇÕES",89545,"LUVA SIMPLES, PVC, SERIE R, ÁGUA PLUVIAL, DN 50 MM, JUNTA ELÁSTICA, FORNECIDO E INSTALADO EM RAMAL DE ENCAMINHAMENTO. AF_12/2014","UN",3,12.99,16.239999999999998,48.72]
["7.2.16","SINAPI COMPOSIÇÕES",89681,"REDUÇÃO EXCÊNTRICA, PVC, SERIE R, ÁGUA PLUVIAL, DN 150 X 100 MM, JUNTA ELÁSTICA, FORNECIDO E INSTALADO EM CONDUTORES VERTICAIS DE ÁGUAS PLUVIAIS. AF_12/2014","UN",4,73.03,91.29,365.16]
["7.2.17","SINAPI COMPOSIÇÕES",89578,"TUBO PVC, SÉRIE R, ÁGUA PLUVIAL, DN 100 MM, FORNECIDO E INSTALADO EM CONDUTORES VERTICAIS DE ÁGUAS PLUVIAIS. AF_12/2014","M",100,45.39,56.74,5674]
["7.2.18","SINAPI COMPOSIÇÕES",89580,"TUBO PVC, SÉRIE R, ÁGUA PLUVIAL, DN 150 MM, FORNECIDO E INSTALADO EM CONDUTORES VERTICAIS DE ÁGUAS PLUVIAIS. AF_12/2014","M",36,89.68,112.1,4035.6]
["7.2.19","COMPOSIÇÕES","COMP04","TUBO DE CONCRETO (SIMPLES) PARA REDES COLETORAS DE ÁGUAS PLUVIAIS, DIÂMETRO DE 200 MM, JUNTA RÍGIDA, INSTALADO EM LOCAL COM BAIXO NÍVEL DE INTERFERÊNCIAS - FORNECIMENTO E ASSENTAMENTO. AF_12/2015","M2",13,52.99,66.239999999999995,861.12]
["7.2.20","SINAPI COMPOSIÇÕES",92808,"ASSENTAMENTO DE TUBO DE CONCRETO PARA REDES COLETORAS DE ÁGUAS PLUVIAIS, DIÂMETRO DE 300 MM, JUNTA RÍGIDA, INSTALADO EM LOCAL COM BAIXO NÍVEL DE INTERFERÊNCIAS (NÃO INCLUI FORNECIMENTO). AF_12/2015","M",7,32.26,40.33,282.31]
["7.2",null,null,null,null,null,null,"TOTAL DO SUBITEM",21342.59]
[null,null,null,null,null,null,null,"TOTAL DO ITEM",24222.010000000002]
[8,"INSTALAÇÕES HIDROSSANITÁRIAS - ÁGUA FRIA"]
["8.1","TUBOS, CONEXÕES E ACESSÓRIOS - FORNECIMENTO E INSTALAÇÃO"]
["8.1.1","SINAPI COMPOSIÇÕES",90443,"RASGO EM ALVENARIA PARA RAMAIS/ DISTRIBUIÇÃO COM DIAMETROS MENORES OU IGUAIS A 40 MM. AF_05/2015","M",25,12.08,15.1,377.5]
["8.1.2","SINAPI COMPOSIÇÕES",86916,"TORNEIRA PLÁSTICA 3/4\u0094 PARA TANQUE - FORNECIMENTO E INSTALAÇÃO. AF_01/2020","UN",1,26.46,33.08,33.08]
["8.1.3","SINAPI COMPOSIÇÕES",89365,"CURVA 45 GRAUS, PVC, SOLDÁVEL, DN 25MM, INSTALADO EM RAMAL OU SUB-RAMAL DE ÁGUA - FORNECIMENTO E INSTALAÇÃO. AF_12/2014","UN",6,10.11,12.64,75.84]
["8.1.4","SINAPI COMPOSIÇÕES",89364,"CURVA 90 GRAUS, PVC, SOLDÁVEL, DN 25MM, INSTALADO EM RAMAL OU SUB-RAMAL DE ÁGUA - FORNECIMENTO E INSTALAÇÃO. AF_12/2014","UN",1,10.89,13.61,13.61]
["8.1.5","SINAPI COMPOSIÇÕES",89356,"TUBO, PVC, SOLDÁVEL, DN 25MM, INSTALADO EM RAMAL OU SUB-RAMAL DE ÁGUA - FORNECIMENTO E INSTALAÇÃO. AF_12/2014","M",25,20.05,25.06,626.5]
["8.1.6","SINAPI COMPOSIÇÕES",89366,"JOELHO 90 GRAUS COM BUCHA DE LATÃO, PVC, SOLDÁVEL, DN 25MM, X 3/4\u0094 INSTALADO EM RAMAL OU SUB-RAMAL DE ÁGUA - FORNECIMENTO E INSTALAÇÃO. AF_12/2014","UN",1,15.5,19.38,19.38]
["8.1",null,null,null,null,null,null,"TOTAL DO SUBITEM",1145.9100000000001]
[null,null,null,null,null,null,null,"TOTAL DO ITEM",1145.9100000000001]
[9,"LIMPEZA DE OBRA"]
["9.1","LIMPEZA DA QUADRA COM JATO DE ALTA PRESSÃO"]
["9.1.1","SINAPI COMPOSIÇÕES",99814,"LIMPEZA DE SUPERFÍCIE COM JATO DE ALTA PRESSÃO. AF_04/2019","M2",648.9,1.57,1.96,1271.8399999999999]
["9.1",null,null,null,null,null,null,"TOTAL DO SUBITEM",1271.8399999999999]
[null,null,null,null,null,null,null,"TOTAL DO ITEM",1271.8399999999999]
[null,null,null,null,null,null,null,"TOTAL GERAL",328306.52]
[]
["REFERÊNCIAS"]
["SINAPI SC - Não Desonerado: maio/2021"]
["SICRO SC - Não Desonerado: janeiro/2021"]

{"sheet":"QUANTITATIVO","index":1,"n_rows":346,"n_cols":14,"rows_kept":346,"cut":false,"hidden":false,"merged":[[153,13,154,13]]}
[]
[null,"OBRA:","Reforma Ginásio Escola Municipal Nova Brasília",null,null,"DATA BASE:","2021-07-01"]
[null,"CLIENTE:","Município de Rodeio",null,null,"BDI:",0.25]
[null,"CPF/CNPJ:","83.102.814/0001-64"]
[null,"LOCALIZAÇÃO:","Rua Nova Brasília, n° 40, Glória - Rodeio - SC"]
[]
[]
["MEMORIAL QUANTITATIVO"]
["ITEM","REFERÊNCIA","CÓDIGO","DESCRIÇÃO","QUANT","DIAM","COMP","LARG","ALT","ÁREA","DMT","UND","TOTAL"]
[1,"SERVIÇOS PRELIMINARES E CANTEIRO DE OBRAS"]
["1.1","ADMINISTRAÇÃO GERAL"]
["1.1.1","COMPOSIÇÕES","COMP01","ADMINISTRAÇÃO LOCAL",null,null,null,null,null,null,null,"MÊS",3]
[null,null,null,"Duração da obra",3,null,null,null,null,null,null,null,3]
["1.1.2","SINAPI COMPOSIÇÕES",93210,"EXECUÇÃO DE REFEITÓRIO EM CANTEIRO DE OBRA EM CHAPA DE MADEIRA COMPENSADA, NÃO INCLUSO MOBILIÁRIO E EQUIPAMENTOS. AF_02/2016",null,null,null,null,null,null,null,"M2",6]
[null,null,null,"Refeitório",1,null,3,2,null,null,null,null,6]
["1.1.3","SINAPI INSUMOS",4813,"PLACA DE OBRA (PARA CONSTRUCAO CIVIL) EM CHAPA GALVANIZADA *N. 22*, ADESIVADA, DE *2,0 X 1,125* M",null,null,null,null,null,null,null,"M2    ",2.2400000000000002]
[null,null,null,"Placa de obra padrão",2.2400000000000002,null,null,null,null,null,null,null,2.2400000000000002]
["1.1.4","COMPOSIÇÕES","COMP02","MOBILIZAÇÃO DE EQUIPAMENTOS",null,null,null,null,null,null,null,"VB",1]
[null,null,null,"Mobilização de equipamentos",1,null,null,null,null,null,null,null,1]
["1.1.5","COMPOSIÇÕES","COMP03","DESMOBILIZAÇÃO DE EQUIPAMENTOS",null,null,null,null,null,null,null,"VB",1]
[null,null,null,"Desmobilização de equipamentos",1,null,null,null,null,null,null,null,1]
["1.2","REMOÇÕES E DEMOLIÇÕES "]
["1.2.1","SICRO",1600436,"DEMOLIÇÃO DE CONCRETO SIMPLES",null,null,null,null,null,null,null,"M3",3.81]
[null,null,null,"Área de remoção ao redor da quadra conf projeto",3.81,null,null,null,null,null,null,null,3.81]
["1.2.2","SINAPI COMPOSIÇÕES",90446,"RASGO EM CONTRAPISO PARA RAMAIS/ DISTRIBUIÇÃO COM DIÂMETROS MAIORES QUE 75 MM. AF_05/2015",null,null,null,null,null,null,null,"M",35]
[null,null,null,"Rasgo para tubulação DN150mm de águas pluviais",35,null,null,null,null,null,null,null,35]
["1.2.3","SINAPI COMPOSIÇÕES",98528,"REMOÇÃO DE RAÍZES REMANESCENTES DE TRONCO DE ÁRVORE COM DIÂMETRO MAIOR OU IGUAL A 0,60 M.AF_05/2018",null,null,null,null,null,null,null,"UN",2]
[null,null,null,"conf levantamento",2,null,null,null,null,null,null,null,2]
["1.2.4","SINAPI COMPOSIÇÕES",100981,"CARGA, MANOBRA E DESCARGA DE ENTULHO EM CAMINHÃO BASCULANTE 6 M³ - CARGA COM ESCAVADEIRA HIDRÁULICA  (CAÇAMBA DE 0,80 M³ / 111 HP) E DESCARGA LIVRE (UNIDADE: M3). AF_07/2020",null,null,null,null,null,null,null,"M3",10.18125]
["Empolamento de demolição",null,2.5,"Concreto demolido * Empolamento",9.5250000000000004,null,null,null,null,null,null,null,9.5250000000000004]
[null,null,null,"Rasgo para tubulação DN150mm de águas pluviais",null,null,35,0.15,0.05,null,null,null,0.65625]
["1.2.5","SINAPI COMPOSIÇÕES",97914,"TRANSPORTE COM CAMINHÃO BASCULANTE DE 6 M³, EM VIA URBANA PAVIMENTADA, DMT ATÉ 30 KM (UNIDADE: M3XKM). AF_07/2020",null,null,null,null,null,null,null,"M3XKM",305.4375]
[null,null,null,null,10.18125,null,null,null,null,null,30,null,305.4375]
[2,"REFORMA DA ÁREA DA QUADRA"]
["2.1","PREPAROS INICIAIS"]
["2.1.1","SINAPI COMPOSIÇÕES",97661,"REMOÇÃO DE CABOS ELÉTRICOS, DE FORMA MANUAL, SEM REAPROVEITAMENTO. AF_12/2017",null,null,null,null,null,null,null,"M",150]
[null,null,null,null,150,null,null,null,null,null,null,null,150]
["2.1.2","SINAPI COMPOSIÇÕES",99059,"LOCACAO CONVENCIONAL DE OBRA, UTILIZANDO GABARITO DE TÁBUAS CORRIDAS PONTALETADAS A CADA 2,00M -  2 UTILIZAÇÕES. AF_10/2018",null,null,null,null,null,null,null,"M",50]
[null,null,null,"Locação de muros e depósito",50,null,null,null,null,null,null,null,50]
["2.2","RECUPERAÇÃO DE CONTRAPISO "]
["2.2.1","SINAPI COMPOSIÇÕES",97083,"COMPACTAÇÃO MECÂNICA DE SOLO PARA EXECUÇÃO DE RADIER, COM COMPACTADOR DE SOLOS A PERCUSSÃO. AF_09/2017",null,null,null,null,null,null,null,"M2",75.849999999999994]
[null,null,null,"conf. Projeto",75.849999999999994,null,null,null,null,null,null,null,75.849999999999994]
["2.2.2","SINAPI COMPOSIÇÕES",96622,"LASTRO COM MATERIAL GRANULAR, APLICADO EM PISOS OU LAJES SOBRE SOLO, ESPESSURA DE *5 CM*. AF_08/2017",null,null,null,null,null,null,null,"M3",3.8250000000000002]
[null,null,null,"conf. Projeto",null,null,null,null,0.05,76.5,null,null,3.8250000000000002]
["2.3","CONTRAPISO NOVO SOBRE O EXISTENTE"]
["2.3.1","COMPOSIÇÕES","COMP05","CONTRAPISO EM ARGAMASSA TRAÇO 1:4 (CIMENTO E AREIA), PREPARO MECÂNICO COM BETONEIRA 400L, APLICADO EM ÁREAS SECAS SOBRE LAJE, NÃO ADERIDO, ESPESSURA 8CM. AF_06/2014",null,null,null,null,null,null,null,"M2",672,87690]
[null,null,null,"Área de contrapiso novo",672,null,null,null,null,null,null,null,672]
["2.3.2","SINAPI COMPOSIÇÕES",97088,"ARMAÇÃO PARA EXECUÇÃO DE RADIER, COM USO DE TELA Q-92. AF_09/2017",null,null,null,null,null,null,null,"KG",994.56]
["kg/m2",1.48,null,"aplicado na área da quadra",672,null,null,null,null,76.5,null,null,994.56]
["2.3.3","SINAPI COMPOSIÇÕES",98576,"TRATAMENTO DE JUNTA DE DILATAÇÃO COM MANTA ASFÁLTICA ADERIDA COM MAÇARICO. AF_06/2018",null,null,null,null,null,null,null,"M",201]
[null,null,null,"Juntas em eixo X",3,null,32,null,null,null,null,null,96]
[null,null,null,"Juntas em eixo Y",5,null,21,null,null,null,null,null,105]
["2.4","PINTURAS E DEMARCAÇÕES "]
["2.4.1","SINAPI COMPOSIÇÕES",102488,"PREPARO DO PISO CIMENTADO PARA PINTURA - LIXAMENTO E LIMPEZA. AF_05/2021",null,null,null,null,null,null,null,"M2",672]
[null,null,null,"Área de quadra",1,null,21,32,null,null,null,null,672]
["2.4.2","SINAPI COMPOSIÇÕES",102494,"PINTURA DE PISO COM TINTA EPÓXI, APLICAÇÃO MANUAL, 2 DEMÃOS, INCLUSO PRIMER EPÓXI. AF_05/2021",null,null,null,null,null,null,null,"M2",672,102494]
[null,null,null,"Área da quadra conf. Projeto",1,null,21,32,null,null,null,null,672]
["2.4.3","SINAPI COMPOSIÇÕES",102505,"PINTURA DE DEMARCAÇÃO DE QUADRA POLIESPORTIVA COM BORRACHA CLORADA, E = 5 CM, APLICAÇÃO MANUAL. AF_05/2021",null,null,null,null,null,null,null,"M",360]
[null,null,null,"Área da quadra conf. Projeto",1,null,360,null,null,null,null,null,360]
["2.5","SUBSTITUIÇÃO DE REDES"]
["2.5.1","MEDIANA","MED01","PAR DE REDE PARA TRAVE DE GOL SOCIETY SUIÇO 4 MTS CAIXOTE FIO 4 NYLON",null,null,null,null,null,null,null,"UND",1]
[null,null,null,"Rede para traves",1,null,null,null,null,null,null,null,1]
["2.5.2","MEDIANA","MED02","REDE DE PROTEÇÃO ESPORTIVA SOB MEDIDA FIO 4 MALHA 15CM",null,null,null,null,null,null,null,"UND",1]
[null,null,null,"Rede de proteção para o entorno da quadra",1,null,null,null,null,null,null,null,1]
[3,"REFORMA DA ESTRUTURA METÁLICA"]
["3.1","PINTURA DE ESTRUTURAS METÁLICAS"]
["3.1.1","SINAPI COMPOSIÇÕES",100717,"LIXAMENTO MANUAL EM SUPERFÍCIES METÁLICAS EM OBRA. AF_01/2020",null,null,null,null,null,null,null,"M2",841.2,100746]
[null,null,null,"Área de pilares",17,null,null,null,null,2.8,null,null,47.599999999999994]
[null,null,null,"Área de tesouras",7,null,null,null,null,100,null,null,700]
[null,null,null,"Área de vigas longitudinais",14,null,null,null,null,6.4,null,null,89.600000000000009]
[null,null,null,"Traves de futebol",2,null,null,null,null,2,null,null,4]
["3.1.2","SINAPI COMPOSIÇÕES",100733,"PINTURA COM TINTA ACRÍLICA DE FUNDO PULVERIZADA SOBRE SUPERFÍCIES METÁLICAS (EXCETO PERFIL) EXECUTADO EM OBRA (POR DEMÃO). AF_01/2020_P",null,null,null,null,null,null,null,"M2",841.2,100746]
[null,null,null,"Área de pilares",17,null,null,null,null,2.8,null,null,47.599999999999994]
[null,null,null,"Área de tesouras",7,null,null,null,null,100,null,null,700]
[null,null,null,"Área de vigas longitudinais",14,null,null,null,null,6.4,null,null,89.600000000000009]
[null,null,null,"Traves de futebol",2,null,null,null,null,2,null,null,4]
[4,"REFORMA, AMPLIAÇÃO E EXECUÇÃO DE NOVOS MUROS",null,null,null,null,null,null,null,null,null,null,null,"estrutural"]
["4.1","MOVIMENTAÇÕES DE TERRA"]
["4.1.1","SINAPI COMPOSIÇÕES",96525,"ESCAVAÇÃO MECANIZADA PARA VIGA BALDRAME, COM PREVISÃO DE FÔRMA, COM MINI-ESCAVADEIRA. AF_06/2017",null,null,null,null,null,null,null,"M3",2.0474999999999999]
["Empolamento 30%",null,1.3,"muro novo á construir",1,null,21,0.25,0.3,null,null,null,1.575]
["4.1.2","SINAPI COMPOSIÇÕES",96523,"ESCAVAÇÃO MANUAL PARA BLOCO DE COROAMENTO OU SAPATA, COM PREVISÃO DE FÔRMA. AF_06/2017",null,null,null,null,null,null,null,"M3",3.2760000000000002]
["Empolamento 30%",null,1.3,"sapata muro novo á construir",5,null,1.2,1.2,0.35,null,null,null,2.52]
["4.1.3","SINAPI COMPOSIÇÕES",100973,"CARGA, MANOBRA E DESCARGA DE SOLOS E MATERIAIS GRANULARES EM CAMINHÃO BASCULANTE 6 M³ - CARGA COM PÁ CARREGADEIRA (CAÇAMBA DE 1,7 A 2,8 M³ / 128 HP) E DESCARGA LIVRE (UNIDADE: M3). AF_07/2020",null,null,null,null,null,null,null,"M3",5.3235000000000001]
[null,null,null,"Volumes de escavação",5.3235000000000001,null,null,null,null,null,null,null,5.3235000000000001]
["4.1.4","SINAPI COMPOSIÇÕES",97914,"TRANSPORTE COM CAMINHÃO BASCULANTE DE 6 M³, EM VIA URBANA PAVIMENTADA, DMT ATÉ 30 KM (UNIDADE: M3XKM). AF_07/2020",null,null,null,null,null,null,null,"M3XKM",159.70500000000001]
[null,null,null,null,5.3235000000000001,null,null,null,null,null,30,null,159.70500000000001]
["4.2","INFRAESTRUTURA"]
["4.2.1","SINAPI COMPOSIÇÕES",101173,"ESTACA BROCA DE CONCRETO, DIÂMETRO DE 20CM, ESCAVAÇÃO MANUAL COM TRADO CONCHA, COM ARMADURA DE ARRANQUE. AF_05/2020",null,null,null,null,null,null,null,"M",45]
[null,null,null,"Brocas do muro novo",6,null,null,null,1.5,null,null,null,9]
[null,null,null,"Brocas de reforço do muro existente ",24,null,null,null,1.5,null,null,null,36]
["4.2.2","SINAPI COMPOSIÇÕES",94962,"CONCRETO MAGRO PARA LASTRO, TRAÇO 1:4,5:4,5 (EM MASSA SECA DE CIMENTO/ AREIA MÉDIA/ BRITA 1) - PREPARO MECÂNICO COM BETONEIRA 400 L. AF_05/2021",null,null,null,null,null,null,null,"M3",0.36]
[null,null,null,"Sapatas do muro novo",5,null,1.2,1.2,0.05,null,null,null,0.36]
["4.2.3","SINAPI COMPOSIÇÕES",96536,"FABRICAÇÃO, MONTAGEM E DESMONTAGEM DE FÔRMA PARA VIGA BALDRAME, EM MADEIRA SERRADA, E=25 MM, 4 UTILIZAÇÕES. AF_06/2017",null,null,null,null,null,null,null,"M2",15.44]
[null,null,null,"Vigas baldrame conf. Projeto",15.44,null,null,null,null,null,null,null,15.44]
["4.2.4","SINAPI COMPOSIÇÕES",96535,"FABRICAÇÃO, MONTAGEM E DESMONTAGEM DE FÔRMA PARA SAPATA, EM MADEIRA SERRADA, E=25 MM, 4 UTILIZAÇÕES. AF_06/2017",null,null,null,null,null,null,null,"M2",8.25]
[null,null,null,"Sapatas conf. Projeto",8.25,null,null,null,null,null,null,null,8.25]
["4.2.5","SINAPI COMPOSIÇÕES",96543,"ARMAÇÃO DE BLOCO, VIGA BALDRAME E SAPATA UTILIZANDO AÇO CA-60 DE 5 MM - MONTAGEM. AF_06/2017",null,null,null,null,null,null,null,"KG",19.95]
[null,null,null,"Aço 5,0mm Sapatas, conf projeto",3.25,null,null,null,null,null,null,null,3.25]
[null,null,null,"Aço 5,0mm Vigas baldrame, conf projeto",16.7,null,null,null,null,null,null,null,16.7]
["4.2.6","SINAPI COMPOSIÇÕES",96545,"ARMAÇÃO DE BLOCO, VIGA BALDRAME OU SAPATA UTILIZANDO AÇO CA-50 DE 8 MM - MONTAGEM. AF_06/2017",null,null,null,null,null,null,null,"KG",11]
[null,null,null,"Aço 8,0mm Vigas baldrame, conf projeto",11,null,null,null,null,null,null,null,11]
["4.2.7","SINAPI COMPOSIÇÕES",96546,"ARMAÇÃO DE BLOCO, VIGA BALDRAME OU SAPATA UTILIZANDO AÇO CA-50 DE 10 MM - MONTAGEM. AF_06/2017",null,null,null,null,null,null,null,"KG",121.7]
[null,null,null,"Aço 10,0mm Sapatas, conf projeto",59,null,null,null,null,null,null,null,59]
[null,null,null,"Aço 10,0mm Vigas baldrame, conf projeto",50.4,null,null,null,null,null,null,null,50.4]
[null,null,null,"Aço 10,0mm Trilho de portão novo",12.3,null,null,null,null,null,null,null,12.3]
["4.2.8","SINAPI COMPOSIÇÕES",96557,"CONCRETAGEM DE BLOCOS DE COROAMENTO E VIGAS BALDRAMES, FCK 30 MPA, COM USO DE BOMBA \u0096 LANÇAMENTO, ADENSAMENTO E ACABAMENTO. AF_06/2017",null,null,null,null,null,null,null,"M3",1.1800000000000002]
[null,null,null,"Concreto vigas baldrame, conf projeto",0.93,null,null,null,null,null,null,null,0.93]
[null,null,null,"Concreto viga para trilho de portão novo",0.25,null,null,null,null,null,null,null,0.25]
["4.2.9","SINAPI COMPOSIÇÕES",96558,"CONCRETAGEM DE SAPATAS, FCK 30 MPA, COM USO DE BOMBA \u0096 LANÇAMENTO, ADENSAMENTO E ACABAMENTO. AF_11/2016",null,null,null,null,null,null,null,"M3",1.61]
[null,null,null,"Concreto sapatas, conf projeto",1.61,null,null,null,null,null,null,null,1.61]
["4.3","SUPRAESTRUTURA"]
["4.3.1","SINAPI COMPOSIÇÕES",89995,"GRAUTEAMENTO DE CINTA SUPERIOR OU DE VERGA EM ALVENARIA ESTRUTURAL. AF_01/2015",null,null,null,null,null,null,null,"M3",0.25]
[null,null,null,"Cinta de travamento para muro de alvenaria estrutural conf. projeto",0.25,null,null,null,null,null,null,null,0.25]
["4.3.2","SINAPI COMPOSIÇÕES",89996,"ARMAÇÃO VERTICAL DE ALVENARIA ESTRUTURAL; DIÂMETRO DE 10,0 MM. AF_01/2015",null,null,null,null,null,null,null,"KG",11.88]
[null,null,null,"Aço 10,0mm para graute do muro novo",11.88,null,null,null,null,null,null,null,11.88]
["4.3.3","SINAPI COMPOSIÇÕES",89998,"ARMAÇÃO DE CINTA DE ALVENARIA ESTRUTURAL; DIÂMETRO DE 10,0 MM. AF_01/2015",null,null,null,null,null,null,null,"KG",69.900000000000006]
[null,null,null,"Aço 10,0mm para cinta de travamento muro novo conf projeto",12.7,null,null,null,null,null,null,null,12.7]
[null,null,null,"Aço 10,0mm para cinta de travamento muro existente conf projeto",57.2,null,null,null,null,null,null,null,57.2]
["4.3.4","SINAPI COMPOSIÇÕES",92421,"MONTAGEM E DESMONTAGEM DE FÔRMA DE PILARES RETANGULARES E ESTRUTURAS SIMILARES, PÉ-DIREITO DUPLO, EM CHAPA DE MADEIRA COMPENSADA RESINADA, 4 UTILIZAÇÕES. AF_09/2020",null,null,null,null,null,null,null,"M2",45.6,92411]
[null,null,null,"Forma para pilares novos do muro existente",45.6,null,null,null,null,null,null,null,45.6]
["4.3.5","SINAPI COMPOSIÇÕES",92775,"ARMAÇÃO DE PILAR OU VIGA DE UMA ESTRUTURA CONVENCIONAL DE CONCRETO ARMADO EM UMA EDIFICAÇÃO TÉRREA OU SOBRADO UTILIZANDO AÇO CA-60 DE 5,0 MM - MONTAGEM. AF_12/2015",null,null,null,null,null,null,null,"KG",65]
[null,null,null,"Aço 5,0mm para pilares do muro existente",65,null,null,null,null,null,null,null,65]
["4.3.6","SINAPI COMPOSIÇÕES",92778,"ARMAÇÃO DE PILAR OU VIGA DE UMA ESTRUTURA CONVENCIONAL DE CONCRETO ARMADO EM UMA EDIFICAÇÃO TÉRREA OU SOBRADO UTILIZANDO AÇO CA-50 DE 10,0 MM - MONTAGEM. AF_12/2015",null,null,null,null,null,null,null,"KG",188]
[null,null,null,"Aço 10,0mm para pilares do muro existente",188,null,null,null,null,null,null,null,188]
["4.3.7","SINAPI COMPOSIÇÕES",92720,"CONCRETAGEM DE PILARES, FCK = 25 MPA, COM USO DE BOMBA EM EDIFICAÇÃO COM SEÇÃO MÉDIA DE PILARES MENOR OU IGUAL A 0,25 M² - LANÇAMENTO, ADENSAMENTO E ACABAMENTO. AF_12/2015",null,null,null,null,null,null,null,"M3",3]
[null,null,null,"Concretagem de pilares novos no muro existente",3,null,null,null,null,null,null,null,3]
["4.4","ALVENARIA DE VEDAÇÃO COM BLOCOS CERÂMICOS "]
["4.4.1","SINAPI COMPOSIÇÕES",97622,"DEMOLIÇÃO DE ALVENARIA DE BLOCO FURADO, DE FORMA MANUAL, SEM REAPROVEITAMENTO. AF_12/2017",null,null,null,null,null,null,null,"M3",15]
["Empolamento",null,2.5,"Demolição de parte do muro existente",1,null,null,4,1.5,null,null,null,6]
["4.4.2","SINAPI COMPOSIÇÕES",87477,"ALVENARIA DE VEDAÇÃO DE BLOCOS CERÂMICOS FURADOS NA VERTICAL DE 9X19X39CM (ESPESSURA 9CM) DE PAREDES COM ÁREA LÍQUIDA MAIOR OU IGUAL A 6M² SEM VÃOS E ARGAMASSA DE ASSENTAMENTO COM PREPARO EM BETONEIRA. AF_06/2014",null,null,null,null,null,null,null,"M2",133]
[null,null,null,"Aumento de muro existente em 100cm (Muro1, Muro2, parcial Muro3 e Muro 4)",1,null,null,123,1,null,null,null,123]
[null,null,null,"Muro á reconstruir (parcial Muro 3)",1,null,null,4,2.5,null,null,null,10]
["4.4.3","SINAPI COMPOSIÇÕES",89284,"ALVENARIA ESTRUTURAL DE BLOCOS CERÂMICOS 14X19X39, (ESPESSURA DE 14 CM), PARA PAREDES COM ÁREA LÍQUIDA MAIOR OU IGUAL QUE 6M², SEM VÃOS, UTILIZANDO PALHETA E ARGAMASSA DE ASSENTAMENTO COM PREPARO EM BETONEIRA. AF_12/2014",null,null,null,null,null,null,null,"M2",40]
[null,null,null,"Muro á construir (Muro 5 e Muro 6)",1,null,null,16,2.5,null,null,null,40]
["4.5","CHAPISCO E REBOCO"]
["4.5.1","SINAPI COMPOSIÇÕES",87894,"CHAPISCO APLICADO EM ALVENARIA (SEM PRESENÇA DE VÃOS) E ESTRUTURAS DE CONCRETO DE FACHADA, COM COLHER DE PEDREIRO.  ARGAMASSA TRAÇO 1:3 COM PREPARO EM BETONEIRA 400L. AF_06/2014",null,null,null,null,null,null,null,"M2",565.75]
["Muros a chapiscar a parte interna e externa",null,null,"Muro 2, Muro 3, Muro 4, Muro 5 e Muro 6",2,null,null,86.65,2.5,null,null,null,433.25]
["Muros a chapiscar somente a parte interna",null,null,"Muro 1",1,null,null,53,2.5,null,null,null,132.5]
["4.5.2","SINAPI COMPOSIÇÕES",87529,"MASSA ÚNICA, PARA RECEBIMENTO DE PINTURA, EM ARGAMASSA TRAÇO 1:2:8, PREPARO MECÂNICO COM BETONEIRA 400L, APLICADA MANUALMENTE EM FACES INTERNAS DE PAREDES, ESPESSURA DE 20MM, COM EXECUÇÃO DE TALISCAS. AF_06/2014",null,null,null,null,null,null,null,"M2",565.75]
["Muros a rebocar a parte interna e externa",null,null,"Muro 2, Muro 3, Muro 4, Muro 5 e Muro 6",2,null,null,86.65,2.5,null,null,null,433.25]
["Muros a rebocar somente a parte interna",null,null,"Muro 1",1,null,null,53,2.5,null,null,null,132.5]
["4.6","PINTURA DE MURO"]
["4.6.1","SINAPI COMPOSIÇÕES",88489,"APLICAÇÃO MANUAL DE PINTURA COM TINTA LÁTEX ACRÍLICA EM PAREDES, DUAS DEMÃOS. AF_06/2014",null,null,null,null,null,null,null,"M2",565.75]
["Muros a pintar a parte interna e externa",null,null,"Muro 2, Muro 3, Muro 4, Muro 5 e Muro 6",2,null,null,86.65,2.5,null,null,null,433.25]
["Muros a pintar somente a parte interna",null,null,"Muro 1",1,null,null,53,2.5,null,null,null,132.5]
["4.7","CHAPIM"]
["4.7.1","SINAPI COMPOSIÇÕES",101979,"CHAPIM (RUFO CAPA) EM AÇO GALVANIZADO, CORTE 33. AF_11/2020",null,null,null,null,null,null,null,"M",139,101966]
["Comprimento total dos muros",null,null,"Muro 1, Muro 2, Muro 3, Muro 4, Muro 5 e Muro 6",139,null,null,null,null,null,null,null,139]
["4.8","PORTÕES DE ACESSO"]
["4.8.1","MEDIANA","MED03","PORTÃO METÁLICO TAM= 3,60m x 2,50m",null,null,null,null,null,null,null,"UND",1]
["Comprimento total dos muros",null,null,"Muro 1, Muro 2, Muro 3, Muro 4, Muro 5 e Muro 6",1,null,null,null,null,null,null,null,1]
["4.8.2","MEDIANA","MED04","PORTÃO METÁLICO TAM= 5,00m x 2,50m",null,null,null,null,null,null,null,"UND",1]
["Comprimento total dos muros",null,null,"Muro 1, Muro 2, Muro 3, Muro 4, Muro 5 e Muro 6",1,null,null,null,null,null,null,null,1]
[5,"CONSTRUÇÃO DE NOVO DEPÓSITO",null,null,null,null,null,null,null,null,null,null,null,"estrutural"]
["5.1","INFRAESTRUTURA"]
["5.1.1","SINAPI COMPOSIÇÕES",101173,"ESTACA BROCA DE CONCRETO, DIÂMETRO DE 20CM, ESCAVAÇÃO MANUAL COM TRADO CONCHA, COM ARMADURA DE ARRANQUE. AF_05/2020",null,null,null,null,null,null,null,"M",3]
[null,null,null,"Brocas do novo depósito",2,null,null,null,1.5,null,null,null,3]
["5.1.2","SINAPI COMPOSIÇÕES",94962,"CONCRETO MAGRO PARA LASTRO, TRAÇO 1:4,5:4,5 (EM MASSA SECA DE CIMENTO/ AREIA MÉDIA/ BRITA 1) - PREPARO MECÂNICO COM BETONEIRA 400 L. AF_05/2021",null,null,null,null,null,null,null,"M3",0.14399999999999999]
[null,null,null,"Sapatas do depósito novo",2,null,1.2,1.2,0.05,null,null,null,0.14399999999999999]
["5.1.3","SINAPI COMPOSIÇÕES",96536,"FABRICAÇÃO, MONTAGEM E DESMONTAGEM DE FÔRMA PARA VIGA BALDRAME, EM MADEIRA SERRADA, E=25 MM, 4 UTILIZAÇÕES. AF_06/2017",null,null,null,null,null,null,null,"M2",8.25]
[null,null,null,"Vigas baldrame conf. Projeto",8.25,null,null,null,null,null,null,null,8.25]
["5.1.4","SINAPI COMPOSIÇÕES",96535,"FABRICAÇÃO, MONTAGEM E DESMONTAGEM DE FÔRMA PARA SAPATA, EM MADEIRA SERRADA, E=25 MM, 4 UTILIZAÇÕES. AF_06/2017",null,null,null,null,null,null,null,"M2",3.3]
[null,null,null,"Sapatas conf. Projeto",3.3,null,null,null,null,null,null,null,3.3]
["5.1.5","SINAPI COMPOSIÇÕES",96543,"ARMAÇÃO DE BLOCO, VIGA BALDRAME E SAPATA UTILIZANDO AÇO CA-60 DE 5 MM - MONTAGEM. AF_06/2017",null,null,null,null,null,null,null,"KG",9.7000000000000011]
[null,null,null,"Aço 5,0mm Sapatas, conf projeto",1.3,null,null,null,null,null,null,null,1.3]
[null,null,null,"Aço 5,0mm Vigas baldrame, conf projeto",8.4,null,null,null,null,null,null,null,8.4]
["5.1.6","SINAPI COMPOSIÇÕES",96545,"ARMAÇÃO DE BLOCO, VIGA BALDRAME OU SAPATA UTILIZANDO AÇO CA-50 DE 8 MM - MONTAGEM. AF_06/2017",null,null,null,null,null,null,null,"KG",12.3]
[null,null,null,"Aço 8,0mm Vigas baldrame, conf projeto",12.3,null,null,null,null,null,null,null,12.3]
["5.1.7","SINAPI COMPOSIÇÕES",96546,"ARMAÇÃO DE BLOCO, VIGA BALDRAME OU SAPATA UTILIZANDO AÇO CA-50 DE 10 MM - MONTAGEM. AF_06/2017",null,null,null,null,null,null,null,"KG",35.200000000000003]
[null,null,null,"Aço 10,0mm Sapatas, conf projeto",23.6,null,null,null,null,null,null,null,23.6]
[null,null,null,"Aço 10,0mm Vigas baldrame, conf projeto",11.6,null,null,null,null,null,null,null,11.6]
["5.1.8","SINAPI COMPOSIÇÕES",96557,"CONCRETAGEM DE BLOCOS DE COROAMENTO E VIGAS BALDRAMES, FCK 30 MPA, COM USO DE BOMBA \u0096 LANÇAMENTO, ADENSAMENTO E ACABAMENTO. AF_06/2017",null,null,null,null,null,null,null,"M3",0.5]
[null,null,null,"Concreto vigas baldrame, conf projeto",0.5,null,null,null,null,null,null,null,0.5]
["5.1.9","SINAPI COMPOSIÇÕES",96558,"CONCRETAGEM DE SAPATAS, FCK 30 MPA, COM USO DE BOMBA \u0096 LANÇAMENTO, ADENSAMENTO E ACABAMENTO. AF_11/2016",null,null,null,null,null,null,null,"M3",0.65]
[null,null,null,"Concreto sapatas, conf projeto",0.65,null,null,null,null,null,null,null,0.65]
["5.2","LAJES"]
["5.2.1","SINAPI COMPOSIÇÕES",101963,"LAJE PRÉ-MOLDADA UNIDIRECIONAL, BIAPOIADA, PARA PISO, ENCHIMENTO EM CERÂMICA, VIGOTA CONVENCIONAL, ALTURA TOTAL DA LAJE (ENCHIMENTO+CAPA) = (8+4). AF_11/2020",null,null,null,null,null,null,null,"M2",9.99]
[null,null,null,"Laje piso",9.99,null,null,null,null,null,null,null,9.99]
["5.2.2","SINAPI COMPOSIÇÕES",101964,"LAJE PRÉ-MOLDADA UNIDIRECIONAL, BIAPOIADA, PARA FORRO, ENCHIMENTO EM CERÂMICA, VIGOTA CONVENCIONAL, ALTURA TOTAL DA LAJE (ENCHIMENTO+CAPA) = (8+3). AF_11/2020",null,null,null,null,null,null,null,"M2",9.99]
[null,null,null,"Laje forro",9.99,null,null,null,null,null,null,null,9.99]
["5.3","ALVENARIA DE VEDAÇÃO COM BLOCOS CERÂMICOS ESTRUTURAIS"]
["5.3.1","SINAPI COMPOSIÇÕES",89288,"ALVENARIA ESTRUTURAL DE BLOCOS CERÂMICOS 14X19X39, (ESPESSURA DE 14 CM), PARA PAREDES COM ÁREA LÍQUIDA MAIOR OU IGUAL A 6M², COM VÃOS, UTILIZANDO PALHETA E ARGAMASSA DE ASSENTAMENTO COM PREPARO EM BETONEIRA. AF_12/2014",null,null,null,null,null,null,null,"M2",26.339999999999996]
[null,null,null,"Área de parede frontal",1,null,null,2.7,2.5499999999999998,null,null,null,6.8849999999999998]
[null,null,null,"Área de paredes laterais",2,null,null,3.85,2.5499999999999998,null,null,null,19.634999999999998]
[null,null,null,"Área de parede traseira",1,null,null,3,0.5,null,null,null,1.5]
[null,null,null,"Desconto de abertura da porta",-1,null,null,0.8,2.1,null,null,null,-1.6800000000000002]
["5.3.2","SINAPI COMPOSIÇÕES",89995,"GRAUTEAMENTO DE CINTA SUPERIOR OU DE VERGA EM ALVENARIA ESTRUTURAL. AF_01/2015",null,null,null,null,null,null,null,"M3",0.25]
[null,null,null,"Cinta de travamento para novo depósito",0.25,null,null,null,null,null,null,null,0.25]
["5.3.3","SINAPI COMPOSIÇÕES",89996,"ARMAÇÃO VERTICAL DE ALVENARIA ESTRUTURAL; DIÂMETRO DE 10,0 MM. AF_01/2015",null,null,null,null,null,null,null,"KG",9.65]
[null,null,null,"Aço 10,0mm para graute do novo depósito",9.65,null,null,null,null,null,null,null,9.65]
["5.3.4","SINAPI COMPOSIÇÕES",89998,"ARMAÇÃO DE CINTA DE ALVENARIA ESTRUTURAL; DIÂMETRO DE 10,0 MM. AF_01/2015",null,null,null,null,null,null,null,"KG",8.25]
[null,null,null,"Aço 10,0mm para cinta de travamento de novo depósito",8.25,null,null,null,null,null,null,null,8.25]
["5.3.5","SINAPI COMPOSIÇÕES",90447,"RASGO EM ALVENARIA PARA ELETRODUTOS COM DIAMETROS MENORES OU IGUAIS A 40 MM. AF_05/2015",null,null,null,null,null,null,null,"M",18]
[null,null,null,"Rasgo para eletrodutos",18,null,null,null,null,null,null,null,18]
["5.3.6","SINAPI COMPOSIÇÕES",90456,"QUEBRA EM ALVENARIA PARA INSTALAÇÃO DE CAIXA DE TOMADA (4X4 OU 4X2). AF_05/2015",null,null,null,null,null,null,null,"UN",2]
[null,null,null,"quebra para tomada",2,null,null,null,null,null,null,null,2]
["5.4","VERGA "]
["5.4.1","SINAPI COMPOSIÇÕES",93188,"VERGA MOLDADA IN LOCO EM CONCRETO PARA PORTAS COM ATÉ 1,5 M DE VÃO. AF_03/2016",null,null,null,null,null,null,null,"M",1.6]
[null,null,null,"Porta P01",1.6,null,null,null,null,null,null,null,1.6]
["5.5","CHAPISCO E REBOCO"]
["5.5.1","SINAPI COMPOSIÇÕES",87894,"CHAPISCO APLICADO EM ALVENARIA (SEM PRESENÇA DE VÃOS) E ESTRUTURAS DE CONCRETO DE FACHADA, COM COLHER DE PEDREIRO.  ARGAMASSA TRAÇO 1:3 COM PREPARO EM BETONEIRA 400L. AF_06/2014",null,null,null,null,null,null,null,"M2",76.485000000000014]
[null,null,null,"Área de parede frontal",2,null,null,3,2.7,null,null,null,16.200000000000003]
[null,null,null,"Área de paredes laterais",4,null,null,3.85,2.7,null,null,null,41.580000000000005]
[null,null,null,"Área de parede traseira somente interna",1,null,null,3.85,2.7,null,null,null,10.395000000000001]
[null,null,null,"Área de teto",1,null,null,3.7,2.7,null,null,null,9.990000000000002]
[null,null,null,"Desconto de abertura da porta",-1,null,null,0.8,2.1,null,null,null,-1.6800000000000002]
["5.5.2","SINAPI COMPOSIÇÕES",87529,"MASSA ÚNICA, PARA RECEBIMENTO DE PINTURA, EM ARGAMASSA TRAÇO 1:2:8, PREPARO MECÂNICO COM BETONEIRA 400L, APLICADA MANUALMENTE EM FACES INTERNAS DE PAREDES, ESPESSURA DE 20MM, COM EXECUÇÃO DE TALISCAS. AF_06/2014",null,null,null,null,null,null,null,"M2",32.880000000000003]
[null,null,null,"Área de parede frontal",1,null,null,2.7,2.7,null,null,null,7.2900000000000009]
[null,null,null,"Área de paredes laterais",2,null,null,3.7,2.7,null,null,null,19.980000000000004]
[null,null,null,"Área de parede traseira somente interna",1,null,null,2.7,2.7,null,null,null,7.2900000000000009]
[null,null,null,"Desconto de abertura da porta",-1,null,null,0.8,2.1,null,null,null,-1.6800000000000002]
["5.5.3","SINAPI COMPOSIÇÕES",87779,"EMBOÇO OU MASSA ÚNICA EM ARGAMASSA TRAÇO 1:2:8, PREPARO MECÂNICO COM BETONEIRA 400 L, APLICADA MANUALMENTE EM PANOS DE FACHADA COM PRESENÇA DE VÃOS, ESPESSURA DE 35 MM. AF_06/2014",null,null,null,null,null,null,null,"M2",28.710000000000004]
[null,null,null,"Área de parede frontal",1,null,null,3,2.7,null,null,null,8.1000000000000014]
[null,null,null,"Área de paredes laterais",2,null,null,3.85,2.7,null,null,null,20.790000000000003]
[null,null,null,"Área de parede traseira somente externa",1,null,null,3,0.5,null,null,null,1.5]
[null,null,null,"Desconto de abertura da porta",-1,null,null,0.8,2.1,null,null,null,-1.6800000000000002]
["5.6","PINTURAS E REVESTIMENTOS"]
["5.6.1","SINAPI COMPOSIÇÕES",88489,"APLICAÇÃO MANUAL DE PINTURA COM TINTA LÁTEX ACRÍLICA EM PAREDES, DUAS DEMÃOS. AF_06/2014",null,null,null,null,null,null,null,"M2",61.59]
[null,null,null,"Área de paredes internas",32.880000000000003,null,null,null,null,null,null,null,32.880000000000003]
[null,null,null,"Área de paredes externas",28.710000000000004,null,null,null,null,null,null,null,28.710000000000004]
["5.6.2","SINAPI COMPOSIÇÕES",88488,"APLICAÇÃO MANUAL DE PINTURA COM TINTA LÁTEX ACRÍLICA EM TETO, DUAS DEMÃOS. AF_06/2014",null,null,null,null,null,null,null,"M2",9.99]
[null,null,null,"Área interna de teto conf projeto",9.99,null,null,null,null,null,null,null,9.99]
["5.6.3","SINAPI COMPOSIÇÕES",93390,"REVESTIMENTO CERÂMICO PARA PISO COM PLACAS TIPO ESMALTADA PADRÃO POPULAR DE DIMENSÕES 35X35 CM APLICADA EM AMBIENTES DE ÁREA ENTRE 5 M2 E 10 M2. AF_06/2014",null,null,null,null,null,null,null,"M2",9.99]
[null,null,null,"Área de piso conf projeto",9.99,null,null,null,null,null,null,null,9.99]
["5.7","ESQUADRIAS"]
["5.7.1","SINAPI COMPOSIÇÕES",100689,"KIT DE PORTA DE MADEIRA FRISADA, SEMI-OCA (LEVE OU MÉDIA), PADRÃO MÉDIO, 80X210CM, ESPESSURA DE 3,5CM, ITENS INCLUSOS: DOBRADIÇAS, MONTAGEM E INSTALAÇÃO DE BATENTE, FECHADURA COM EXECUÇÃO DO FURO - FORNECIMENTO E INSTALAÇÃO. AF_12/2019",null,null,null,null,null,null,null,"UN",1]
[null,null,null,"P1",1,null,null,null,null,null,null,null,1]
["5.8","IMPERMEABIILIZAÇÕES"]
["5.8.1","SINAPI COMPOSIÇÕES",98546,"IMPERMEABILIZAÇÃO DE SUPERFÍCIE COM MANTA ASFÁLTICA, UMA CAMADA, INCLUSIVE APLICAÇÃO DE PRIMER ASFÁLTICO, E=3MM. AF_06/2018",null,null,null,null,null,null,null,"M2",21.990000000000002]
[null,null,null,"Impermeabilização de laje teto",12,null,null,null,null,null,null,null,12]
[null,null,null,"Impermeabilização de laje piso",9.99,null,null,null,null,null,null,null,9.99]
[6,"INSTALAÇÕES ELÉTRICAS"]
["6.1","TUBOS, CONEXÕES E ACESSÓRIOS - FORNECIMENTO E INSTALAÇÃO"]
["6.1.1","SINAPI COMPOSIÇÕES",91926,"CABO DE COBRE FLEXÍVEL ISOLADO, 2,5 MM², ANTI-CHAMA 450/750 V, PARA CIRCUITOS TERMINAIS - FORNECIMENTO E INSTALAÇÃO. AF_12/2015",null,null,null,null,null,null,null,"M",606.80000000000007]
[null,null,null,"2.5mm - Amarelo",98.45,null,null,null,null,null,null,null,98.45]
[null,null,null,"2.5mm - Azul claro",216.3,null,null,null,null,null,null,null,216.3]
[null,null,null,"2.5mm - Branco",101.85,null,null,null,null,null,null,null,101.85]
[null,null,null,"2.5mm - Preto",58.55,null,null,null,null,null,null,null,58.55]
[null,null,null,"2.5mm - verde-amarelo",131.65,null,null,null,null,null,null,null,131.65]
["6.1.2","SINAPI COMPOSIÇÕES",91953,"INTERRUPTOR SIMPLES (1 MÓDULO), 10A/250V, INCLUINDO SUPORTE E PLACA - FORNECIMENTO E INSTALAÇÃO. AF_12/2015",null,null,null,null,null,null,null,"UN",3]
[null,null,null,"Placa p/ 1 função",3,null,null,null,null,null,null,null,3]
["6.1.3","SINAPI COMPOSIÇÕES",91959,"INTERRUPTOR SIMPLES (2 MÓDULOS), 10A/250V, INCLUINDO SUPORTE E PLACA - FORNECIMENTO E INSTALAÇÃO. AF_12/2015",null,null,null,null,null,null,null,"UN",1]
[null,null,null,"interruptor 2 teclas",1,null,null,null,null,null,null,null,1]
["6.1.4","SINAPI COMPOSIÇÕES",91967,"INTERRUPTOR SIMPLES (3 MÓDULOS), 10A/250V, INCLUINDO SUPORTE E PLACA - FORNECIMENTO E INSTALAÇÃO. AF_12/2015",null,null,null,null,null,null,null,"UN",1]
[null,null,null,"Placa p/ 3 funções",1,null,null,null,null,null,null,null,1]
["6.1.5","SINAPI COMPOSIÇÕES",91991,"TOMADA ALTA DE EMBUTIR (1 MÓDULO), 2P+T 20 A, SEM SUPORTE E SEM PLACA - FORNECIMENTO E INSTALAÇÃO. AF_12/2015",null,null,null,null,null,null,null,"UN",4]
[null,null,null,"Tomada hexagonal (NBR 14136) (2) 2P+T 20A",4,null,null,null,null,null,null,null,4]
["6.1.6","SINAPI COMPOSIÇÕES",95754,"LUVA DE EMENDA PARA ELETRODUTO, AÇO GALVANIZADO, DN 25 MM (1''), APARENTE, INSTALADA EM TETO - FORNECIMENTO E INSTALAÇÃO. AF_11/2016_P",null,null,null,null,null,null,null,"UN",27]
[null,null,null,"Luva aço galvan. leve",27,null,null,null,null,null,null,null,27]
["6.1.7","SINAPI COMPOSIÇÕES",93654,"DISJUNTOR MONOPOLAR TIPO DIN, CORRENTE NOMINAL DE 16A - FORNECIMENTO E INSTALAÇÃO. AF_10/2020",null,null,null,null,null,null,null,"UN",1]
[null,null,null,"16 A ",1,null,null,null,null,null,null,null,1]
["6.1.8","SINAPI COMPOSIÇÕES",93655,"DISJUNTOR MONOPOLAR TIPO DIN, CORRENTE NOMINAL DE 20A - FORNECIMENTO E INSTALAÇÃO. AF_10/2020",null,null,null,null,null,null,null,"UN",1]
[null,null,null,"20 A",1,null,null,null,null,null,null,null,1]
["6.1.9","SINAPI COMPOSIÇÕES",91834,"ELETRODUTO FLEXÍVEL CORRUGADO, PVC, DN 25 MM (3/4\"), PARA CIRCUITOS TERMINAIS, INSTALADO EM FORRO - FORNECIMENTO E INSTALAÇÃO. AF_12/2015",null,null,null,null,null,null,null,"M",18]
[null,null,null,"Eletroduto leve 3/4\"",18,null,null,null,null,null,null,null,18]
["6.1.10","SINAPI INSUMOS",39128,"ABRACADEIRA EM ACO PARA AMARRACAO DE ELETRODUTOS, TIPO D, COM 3/4\" E CUNHA DE FIXACAO",null,null,null,null,null,null,null,"UN    ",117]
[null,null,null,"Braçadeira galvan. tipo cunha 3/4\"",117,null,null,null,null,null,null,null,117]
["6.1.11","SINAPI COMPOSIÇÕES",95745,"ELETRODUTO DE AÇO GALVANIZADO, CLASSE LEVE, DN 20 MM (3/4\u0092\u0092), APARENTE, INSTALADO EM TETO - FORNECIMENTO E INSTALAÇÃO. AF_11/2016_P",null,null,null,null,null,null,null,"M",115]
[null,null,null,"Eletroduto galvanizado, vara 3,0m 3/4\"",115,null,null,null,null,null,null,null,115]
["6.1.12","SINAPI COMPOSIÇÕES",91936,"CAIXA OCTOGONAL 4\" X 4\", PVC, INSTALADA EM LAJE - FORNECIMENTO E INSTALAÇÃO. AF_12/2015",null,null,null,null,null,null,null,"UN",1]
[null,null,null,"luz 35 w",1,null,null,null,null,null,null,null,1]
["6.1.13","SINAPI COMPOSIÇÕES",97612,"LÂMPADA COMPACTA FLUORESCENTE DE 20 W, BASE E27 - FORNECIMENTO E INSTALAÇÃO. AF_02/2020",null,null,null,null,null,null,null,"UN",1]
[null,null,null,"luz 35 w",1,null,null,null,null,null,null,null,1]
["6.1.14","SINAPI COMPOSIÇÕES",101654,"LUMINÁRIA DE LED PARA ILUMINAÇÃO PÚBLICA, DE 33 W ATÉ 50 W - FORNECIMENTO E INSTALAÇÃO. AF_08/2020",null,null,null,null,null,null,null,"UN",14]
[null,null,null,"Luz 60w",14,null,null,null,null,null,null,null,14]
[7,"INSTALAÇÕES HIDROSSANITÁRIAS - PLUVIAL"]
["7.1","MOVIMENTAÇÕES DE TERRA"]
["7.1.1","SINAPI COMPOSIÇÕES",102298,"ESCAVAÇÃO MECANIZADA DE VALA COM PROF. ATÉ 1,5 M (MÉDIA ENTRE MONTANTE E JUSANTE/UMA COMPOSIÇÃO POR TRECHO), COM RETROESCAVADEIRA (0,26 M3/88 HP), LARG. MENOR QUE 0,8 M, EM SOLO MOLE, EM LOCAIS COM ALTO NÍVEL DE INTERFERÊNCIA. AF_02/2021",null,null,null,null,null,null,null,"M3",51.745200000000004]
["Empolamento 30%",null,1.3,"Tubos DN150mm para drenagem pluvial",36,null,null,0.25,1.5,null,null,null,13.5]
[null,null,null,"Tubos DN20",13,null,null,0.4,1.5,null,null,null,7.8000000000000007]
[null,null,null,"Tubos PVC-D 100mm",32,null,null,0.25,1.5,null,null,null,12]
[null,null,null,"Caixas com grelha",2,null,1.2,0.8,1.2,null,null,null,2.3039999999999998]
[null,null,null,"Rebaixo de rede de tubo de concreto DN30",1,null,7,0.4,1.5,null,null,null,4.2000000000000011]
["7.1.2","SINAPI COMPOSIÇÕES",93374,"REATERRO MECANIZADO DE VALA COM RETROESCAVADEIRA (CAPACIDADE DA CAÇAMBA DA RETRO: 0,26 M³ / POTÊNCIA: 88 HP), LARGURA ATÉ 0,8 M, PROFUNDIDADE ATÉ 1,5 M, COM SOLO (SEM SUBSTITUIÇÃO) DE 1ª CATEGORIA EM LOCAIS COM ALTO NÍVEL DE INTERFERÊNCIA. AF_04/2016",null,null,null,null,null,null,null,"M3",40.163999999999994]
["Compactação 20%",null,1.2,"Tubos DN150mm para drenagem pluvial",36,null,null,0.25,1.35,null,null,null,12.15]
[null,null,null,"Tubos DN20",13,null,null,0.4,1.3,null,null,null,6.76]
[null,null,null,"Tubos PVC-D 100mm",32,null,null,0.25,1.4,null,null,null,11.2]
[null,null,null,"Rebaixo de rede de tubo de concreto DN30",1,null,7,0.4,1.2,null,null,null,3.36]
["7.1.3","SINAPI COMPOSIÇÕES",100973,"CARGA, MANOBRA E DESCARGA DE SOLOS E MATERIAIS GRANULARES EM CAMINHÃO BASCULANTE 6 M³ - CARGA COM PÁ CARREGADEIRA (CAÇAMBA DE 1,7 A 2,8 M³ / 128 HP) E DESCARGA LIVRE (UNIDADE: M3). AF_07/2020",null,null,null,null,null,null,null,"M3",11.58120000000001]
[null,null,null,"Diferença entre escavação e reaterro",11.58120000000001,null,null,null,null,null,null,null,11.58120000000001]
["7.1.4","SINAPI COMPOSIÇÕES",97914,"TRANSPORTE COM CAMINHÃO BASCULANTE DE 6 M³, EM VIA URBANA PAVIMENTADA, DMT ATÉ 30 KM (UNIDADE: M3XKM). AF_07/2020",null,null,null,null,null,null,null,"M3XKM",347.43600000000026]
[null,null,null,null,11.58120000000001,null,null,null,null,null,30,null,347.43600000000026]
["7.2","TUBOS, CONEXÕES E ACESSÓRIOS - FORNECIMENTO E INSTALAÇÃO"]
["7.2.1","SINAPI COMPOSIÇÕES",97933,"CAIXA COM GRELHA SIMPLES RETANGULAR, EM CONCRETO PRÉ-MOLDADO, DIMENSÕES INTERNAS: 0,6X1,0X1,0 M. AF_12/2020",null,null,null,null,null,null,null,"UN",3]
[null,null,null,"Caixas de drenagem á reconstruir",3,null,null,null,null,null,null,null,3]
["7.2.2","SINAPI COMPOSIÇÕES",89710,"RALO SECO, PVC, DN 100 X 40 MM, JUNTA SOLDÁVEL, FORNECIDO E INSTALADO EM RAMAL DE DESCARGA OU EM RAMAL DE ESGOTO SANITÁRIO. AF_12/2014",null,null,null,null,null,null,null,"UN",1]
[null,null,null,"Ralo corpo caixa seca 100x100x40/50mm",1,null,null,null,null,null,null,null,1]
["7.2.3","SICRO COMPOSIÇÕES",2007971,"DRENO DE PVC D = 100 MM - FORNECIMENTO E INSTALAÇÃO",null,null,null,null,null,null,null,"M",32,80.33]
[null,null,null,"Tubo PVC corrugado perfurado p/ drenagem 100mm",32,null,null,null,null,null,null,null,32]
["7.2.4","SINAPI COMPOSIÇÕES",95694,"CURVA 90 GRAUS, PVC, SERIE R, ÁGUA PLUVIAL, DN 100 MM, JUNTA ELÁSTICA, FORNECIDO E INSTALADO EM RAMAL DE ENCAMINHAMENTO. AF_12/2014",null,null,null,null,null,null,null,"UN",16]
[null,null,null,"Curva 90 curta 100mm",16,null,null,null,null,null,null,null,16]
["7.2.5","SINAPI COMPOSIÇÕES",89531,"JOELHO 45 GRAUS, PVC, SERIE R, ÁGUA PLUVIAL, DN 100 MM, JUNTA ELÁSTICA, FORNECIDO E INSTALADO EM RAMAL DE ENCAMINHAMENTO. AF_12/2014",null,null,null,null,null,null,null,"UN",4]
[null,null,null,"Joelho 45 graus 100mm",4,null,null,null,null,null,null,null,4]
["7.2.6","SINAPI COMPOSIÇÕES",89591,"JOELHO 45 GRAUS, PVC, SERIE R, ÁGUA PLUVIAL, DN 150 MM, JUNTA ELÁSTICA, FORNECIDO E INSTALADO EM CONDUTORES VERTICAIS DE ÁGUAS PLUVIAIS. AF_12/2014",null,null,null,null,null,null,null,"UN",1]
[null,null,null,"Joelho 45 graus 150mm",1,null,null,null,null,null,null,null,1]
["7.2.7","SINAPI COMPOSIÇÕES",89520,"JOELHO 45 GRAUS, PVC, SERIE R, ÁGUA PLUVIAL, DN 50 MM, JUNTA ELÁSTICA, FORNECIDO E INSTALADO EM RAMAL DE ENCAMINHAMENTO. AF_12/2014",null,null,null,null,null,null,null,"UN",3]
[null,null,null,"Joelho 45 graus 50mm",3,null,null,null,null,null,null,null,3]
["7.2.8","SINAPI COMPOSIÇÕES",89529,"JOELHO 90 GRAUS, PVC, SERIE R, ÁGUA PLUVIAL, DN 100 MM, JUNTA ELÁSTICA, FORNECIDO E INSTALADO EM RAMAL DE ENCAMINHAMENTO. AF_12/2014",null,null,null,null,null,null,null,"UN",8]
[null,null,null,"Joelho 90 graus 100mm",8,null,null,null,null,null,null,null,8]
["7.2.9","SINAPI COMPOSIÇÕES",89518,"JOELHO 90 GRAUS, PVC, SERIE R, ÁGUA PLUVIAL, DN 50 MM, JUNTA ELÁSTICA, FORNECIDO E INSTALADO EM RAMAL DE ENCAMINHAMENTO. AF_12/2014",null,null,null,null,null,null,null,"UN",1]
[null,null,null,"Joelho 90 graus 50mm",1,null,null,null,null,null,null,null,1]
["7.2.10","SINAPI COMPOSIÇÕES",89567,"JUNÇÃO SIMPLES, PVC, SERIE R, ÁGUA PLUVIAL, DN 100 X 100 MM, JUNTA ELÁSTICA, FORNECIDO E INSTALADO EM RAMAL DE ENCAMINHAMENTO. AF_12/2014",null,null,null,null,null,null,null,"UN",2]
[null,null,null,"Junção simples 100mm-100mm",2,null,null,null,null,null,null,null,2]
["7.2.11","SINAPI COMPOSIÇÕES",89698,"JUNÇÃO SIMPLES, PVC, SERIE R, ÁGUA PLUVIAL, DN 150 X 150 MM, JUNTA ELÁSTICA, FORNECIDO E INSTALADO EM CONDUTORES VERTICAIS DE ÁGUAS PLUVIAIS. AF_12/2014",null,null,null,null,null,null,null,"UN",2]
[null,null,null,"Junção simples 150mm-150mm",2,null,null,null,null,null,null,null,2]
["7.2.12","SINAPI COMPOSIÇÕES",89699,"JUNÇÃO SIMPLES, PVC, SERIE R, ÁGUA PLUVIAL, DN 150 X 100 MM, JUNTA ELÁSTICA, FORNECIDO E INSTALADO EM CONDUTORES VERTICAIS DE ÁGUAS PLUVIAIS. AF_12/2014",null,null,null,null,null,null,null,"UN",1]
[null,null,null,"Junção simples 150mm-100mm",1,null,null,null,null,null,null,null,1]
["7.2.13","SINAPI COMPOSIÇÕES",89554,"LUVA SIMPLES, PVC, SERIE R, ÁGUA PLUVIAL, DN 100 MM, JUNTA ELÁSTICA, FORNECIDO E INSTALADO EM RAMAL DE ENCAMINHAMENTO. AF_12/2014",null,null,null,null,null,null,null,"UN",29]
[null,null,null,"Luva simples 100mm",29,null,null,null,null,null,null,null,29]
["7.2.14","SINAPI COMPOSIÇÕES",89677,"LUVA SIMPLES, PVC, SERIE R, ÁGUA PLUVIAL, DN 150 MM, JUNTA ELÁSTICA, FORNECIDO E INSTALADO EM CONDUTORES VERTICAIS DE ÁGUAS PLUVIAIS. AF_12/2014",null,null,null,null,null,null,null,"UN",4]
[null,null,null,"Luva simples 150mm",4,null,null,null,null,null,null,null,4]
["7.2.15","SINAPI COMPOSIÇÕES",89545,"LUVA SIMPLES, PVC, SERIE R, ÁGUA PLUVIAL, DN 50 MM, JUNTA ELÁSTICA, FORNECIDO E INSTALADO EM RAMAL DE ENCAMINHAMENTO. AF_12/2014",null,null,null,null,null,null,null,"UN",3]
[null,null,null,"Luva simples 50mm",3,null,null,null,null,null,null,null,3]
["7.2.16","SINAPI COMPOSIÇÕES",89681,"REDUÇÃO EXCÊNTRICA, PVC, SERIE R, ÁGUA PLUVIAL, DN 150 X 100 MM, JUNTA ELÁSTICA, FORNECIDO E INSTALADO EM CONDUTORES VERTICAIS DE ÁGUAS PLUVIAIS. AF_12/2014",null,null,null,null,null,null,null,"UN",4]
[null,null,null,"Redução excêntrica 150mm-100mm",4,null,null,null,null,null,null,null,4]
["7.2.17","SINAPI COMPOSIÇÕES",89578,"TUBO PVC, SÉRIE R, ÁGUA PLUVIAL, DN 100 MM, FORNECIDO E INSTALADO EM CONDUTORES VERTICAIS DE ÁGUAS PLUVIAIS. AF_12/2014",null,null,null,null,null,null,null,"M",100]
[null,null,null,"Tubo rígido c/ ponta lisa 100mm",100,null,null,null,null,null,null,null,100]
["7.2.18","SINAPI COMPOSIÇÕES",89580,"TUBO PVC, SÉRIE R, ÁGUA PLUVIAL, DN 150 MM, FORNECIDO E INSTALADO EM CONDUTORES VERTICAIS DE ÁGUAS PLUVIAIS. AF_12/2014",null,null,null,null,null,null,null,"M",36]
[null,null,null,"Tubo rígido c/ ponta lisa 150mm",36,null,null,null,null,null,null,null,36]
["7.2.19","COMPOSIÇÕES","COMP04","TUBO DE CONCRETO (SIMPLES) PARA REDES COLETORAS DE ÁGUAS PLUVIAIS, DIÂMETRO DE 200 MM, JUNTA RÍGIDA, INSTALADO EM LOCAL COM BAIXO NÍVEL DE INTERFERÊNCIAS - FORNECIMENTO E ASSENTAMENTO. AF_12/2015",null,null,null,null,null,null,null,"M2",13]
[null,null,null,"Tubo de concreto junta seca DN20",13,null,null,null,null,null,null,null,13]
["7.2.20","SINAPI COMPOSIÇÕES",92808,"ASSENTAMENTO DE TUBO DE CONCRETO PARA REDES COLETORAS DE ÁGUAS PLUVIAIS, DIÂMETRO DE 300 MM, JUNTA RÍGIDA, INSTALADO EM LOCAL COM BAIXO NÍVEL DE INTERFERÊNCIAS (NÃO INCLUI FORNECIMENTO). AF_12/2015",null,null,null,null,null,null,null,"M",7]
[null,null,null,"Rebaixo de rede de tubo de concreto DN30",7,null,null,null,null,null,null,null,7]
[8,"INSTALAÇÕES HIDROSSANITÁRIAS - ÁGUA FRIA"]
["8.1","TUBOS, CONEXÕES E ACESSÓRIOS - FORNECIMENTO E INSTALAÇÃO"]
["8.1.1","SINAPI COMPOSIÇÕES",90443,"RASGO EM ALVENARIA PARA RAMAIS/ DISTRIBUIÇÃO COM DIAMETROS MENORES OU IGUAIS A 40 MM. AF_05/2015",null,null,null,null,null,null,null,"M",25]
[null,null,null,"Rasgo em muro para passagem de tubo de pvc 25mm",25,null,null,null,null,null,null,null,25]
["8.1.2","SINAPI COMPOSIÇÕES",86916,"TORNEIRA PLÁSTICA 3/4\u0094 PARA TANQUE - FORNECIMENTO E INSTALAÇÃO. AF_01/2020",null,null,null,null,null,null,null,"UN",1]
[null,null,null,"Torneira de jardim 25mm ",1,null,null,null,null,null,null,null,1]
["8.1.3","SINAPI COMPOSIÇÕES",89365,"CURVA 45 GRAUS, PVC, SOLDÁVEL, DN 25MM, INSTALADO EM RAMAL OU SUB-RAMAL DE ÁGUA - FORNECIMENTO E INSTALAÇÃO. AF_12/2014",null,null,null,null,null,null,null,"UN",6]
[null,null,null,"Curva 45 mm",6,null,null,null,null,null,null,null,6]
["8.1.4","SINAPI COMPOSIÇÕES",89364,"CURVA 90 GRAUS, PVC, SOLDÁVEL, DN 25MM, INSTALADO EM RAMAL OU SUB-RAMAL DE ÁGUA - FORNECIMENTO E INSTALAÇÃO. AF_12/2014",null,null,null,null,null,null,null,"UN",1]
[null,null,null,"Curva 90 mm",1,null,null,null,null,null,null,null,1]
["8.1.5","SINAPI COMPOSIÇÕES",89356,"TUBO, PVC, SOLDÁVEL, DN 25MM, INSTALADO EM RAMAL OU SUB-RAMAL DE ÁGUA - FORNECIMENTO E INSTALAÇÃO. AF_12/2014",null,null,null,null,null,null,null,"M",25]
[null,null,null,"Tubo pvc 25mm",25,null,null,null,null,null,null,null,25]
["8.1.6","SINAPI COMPOSIÇÕES",89366,"JOELHO 90 GRAUS COM BUCHA DE LATÃO, PVC, SOLDÁVEL, DN 25MM, X 3/4\u0094 INSTALADO EM RAMAL OU SUB-RAMAL DE ÁGUA - FORNECIMENTO E INSTALAÇÃO. AF_12/2014",null,null,null,null,null,null,null,"UN",1]
[null,null,null,"Joelho 90º soldável com bucha de latão 25mm",1,null,null,null,null,null,null,null,1]
[9,"LIMPEZA DE OBRA"]
["9.1","LIMPEZA DA QUADRA COM JATO DE ALTA PRESSÃO"]
["9.1.1","SINAPI COMPOSIÇÕES",99814,"LIMPEZA DE SUPERFÍCIE COM JATO DE ALTA PRESSÃO. AF_04/2019",null,null,null,null,null,null,null,"M2",648.9]
[null,null,null,"Área da quadra conf. Projeto",648.9,null,null,null,null,null,null,null,648.9]
[]
[]
["REFERÊNCIAS"]
["SINAPI SC - Não Desonerado: maio/2021"]
["SICRO SC - Não Desonerado: janeiro/2021"]

{"sheet":"COMPOSIÇÕES","index":2,"n_rows":56,"n_cols":7,"rows_kept":56,"cut":false,"hidden":false,"merged":[]}
[]
[null,"OBRA:","Reforma Ginásio Escola Municipal Nova Brasília",null,null,"DATA BASE:","2021-07-01"]
[null,"CLIENTE:","Município de Rodeio",null,null,"BDI:",0.25]
[null,"CPF/CNPJ:","83.102.814/0001-64"]
[null,"LOCALIZAÇÃO:","Rua Nova Brasília, n° 40, Glória - Rodeio - SC"]
[]
["COMPOSIÇÃO DE PREÇO UNITÁRIA"]
[null,"COMP01","ADMINISTRAÇÃO LOCAL","MÊS",null,"CUSTO UNITÁRIO",3165.6000000000004]
["REFERÊNCIA","CÓDIGO","DESCRIÇÃO","UND","QUANT","CUSTO UNITÁRIO","CUSTO TOTAL"]
[null,null,"EQUIPE DE CONDUÇÃO DE OBRAS"]
["SINAPI COMPOSIÇÕES",90777,"ENGENHEIRO CIVIL DE OBRA JUNIOR COM ENCARGOS COMPLEMENTARES","H",20,97.9,1958]
["SINAPI COMPOSIÇÕES",90776,"ENCARREGADO GERAL COM ENCARGOS COMPLEMENTARES","H",20,34.270000000000003,685.4]
[null,null,"LOCOMOÇÃO DE PESSOAL ADMINISTRATIVO"]
["SICRO","E9093","Veículo leve - 53 kW (sem motorista)","H",20,26.11,522.20000000000005]
[null,null,null,null,null,"TOTAL",3165.6000000000004]
[]
[null,"COMP02","MOBILIZAÇÃO DE EQUIPAMENTOS","VB",null,"CUSTO UNITÁRIO",802.2]
["REFERÊNCIA","CÓDIGO","DESCRIÇÃO","UND","QUANT","CUSTO UNITÁRIO","CUSTO TOTAL"]
[null,null,"VEÍCULOS DE PRODUÇÃO"]
["SICRO","E9506","Caminhão basculante com capacidade de 6 m³ - 136 Kw","HxUND",2,46.97,93.94]
["SICRO","E9515","Escavadeira hidráulica sobre esteiras com caçamba com capacidade de 1,56 m³ - 118 kW","HxUND",2,83.93,167.86]
[null,null,"EQUIPAMENTOS DE GRANDE PORTE"]
["SICRO","E9665","Cavalo mecânico com semirreboque com capacidade de 22 t - 240 kW","HxUND",2,221.93,443.86]
["SICRO","E9526","Retroescavadeira de pneus - 58 kW","HxUND",2,48.27,96.54]
[null,null,null,null,null,"TOTAL",802.2]
[]
[null,"COMP03","DESMOBILIZAÇÃO DE EQUIPAMENTOS","VB",null,"CUSTO UNITÁRIO",802.2]
["REFERÊNCIA","CÓDIGO","DESCRIÇÃO","UND","QUANT","CUSTO UNITÁRIO","CUSTO TOTAL"]
[null,null,"VEÍCULOS DE PRODUÇÃO"]
["SICRO","E9506","Caminhão basculante com capacidade de 6 m³ - 136 Kw","HxUND",2,46.97,93.94]
["SICRO","E9515","Escavadeira hidráulica sobre esteiras com caçamba com capacidade de 1,56 m³ - 118 kW","HxUND",2,83.93,167.86]
[null,null,"EQUIPAMENTOS DE GRANDE PORTE"]
["SICRO","E9665","Cavalo mecânico com semirreboque com capacidade de 22 t - 240 kW","HxUND",2,221.93,443.86]
["SICRO","E9526","Retroescavadeira de pneus - 58 kW","HxUND",2,48.27,96.54]
[null,null,null,null,null,"TOTAL",802.2]
[]
[null,"COMP04","TUBO DE CONCRETO (SIMPLES) PARA REDES COLETORAS DE ÁGUAS PLUVIAIS, DIÂMETRO DE 200 MM, JUNTA RÍGIDA, INSTALADO EM LOCAL COM BAIXO NÍVEL DE INTERFERÊNCIAS - FORNECIMENTO E ASSENTAMENTO. AF_12/2015","M2",null,"CUSTO UNITÁRIO",52.99]
["REFERÊNCIA","CÓDIGO","DESCRIÇÃO","UND","QUANT","CUSTO UNITÁRIO","CUSTO TOTAL"]
["SINAPI COMPOSIÇÕES",5631,"ESCAVADEIRA HIDRÁULICA SOBRE ESTEIRAS, CAÇAMBA 0,80 M3, PESO OPERACIONAL 17 T, POTENCIA BRUTA 111 HP - CHP DIURNO. AF_06/2014","CHP",0.06,151.19999999999999,9.07]
["SINAPI COMPOSIÇÕES",5632,"ESCAVADEIRA HIDRÁULICA SOBRE ESTEIRAS, CAÇAMBA 0,80 M3, PESO OPERACIONAL 17 T, POTENCIA BRUTA 111 HP - CHI DIURNO. AF_06/2014","CHI",0.14000000000000001,62.54,8.76]
["SINAPI INSUMOS",37449,"TUBO DE CONCRETO SIMPLES PARA AGUAS PLUVIAIS, CLASSE PS1, COM ENCAIXE MACHO E FEMEA, DIAMETRO NOMINAL DE 200 MM","M     ",1.03,17.829999999999998,18.36]
["SINAPI COMPOSIÇÕES",88277,"MONTADOR (TUBO AÇO/EQUIPAMENTOS) COM ENCARGOS COMPLEMENTARES","H",0.27300000000000002,22.46,6.13]
["SINAPI COMPOSIÇÕES",88316,"SERVENTE COM ENCARGOS COMPLEMENTARES","H",0.54500000000000004,17.61,9.6]
["SINAPI COMPOSIÇÕES",88629,"ARGAMASSA TRAÇO 1:3 (EM VOLUME DE CIMENTO E AREIA MÉDIA ÚMIDA), PREPARO MANUAL. AF_08/2019","M3",2E-3,533.25,1.07]
[null,null,null,null,null,"TOTAL",52.99]
[]
[null,"COMP05","CONTRAPISO EM ARGAMASSA TRAÇO 1:4 (CIMENTO E AREIA), PREPARO MECÂNICO COM BETONEIRA 400L, APLICADO EM ÁREAS SECAS SOBRE LAJE, NÃO ADERIDO, ESPESSURA 8CM. AF_06/2014","M2",null,"CUSTO UNITÁRIO",55.339999999999996]
["REFERÊNCIA","CÓDIGO","DESCRIÇÃO","UND","QUANT","CUSTO UNITÁRIO","CUSTO TOTAL"]
["SINAPI COMPOSIÇÕES",87301,"ARGAMASSA TRAÇO 1:4 (EM VOLUME DE CIMENTO E AREIA MÉDIA ÚMIDA) PARA CONTRAPISO, PREPARO MECÂNICO COM BETONEIRA 400 L. AF_08/2019","M3",9.0999999999999998E-2,482.07,43.87]
["SINAPI COMPOSIÇÕES",88309,"PEDREIRO COM ENCARGOS COMPLEMENTARES","H",0.35,23.98,8.39]
["SINAPI COMPOSIÇÕES",88316,"SERVENTE COM ENCARGOS COMPLEMENTARES","H",0.17499999999999999,17.61,3.08]
[null,null,null,null,null,"TOTAL",55.339999999999996]
[]
["REFERÊNCIAS"]
["SINAPI SC - Não Desonerado: maio/2021"]
["SICRO SC - Não Desonerado: janeiro/2021"]

{"sheet":"MEDIANA","index":3,"n_rows":58,"n_cols":11,"rows_kept":58,"cut":false,"hidden":false,"merged":[]}
[]
[null,"OBRA:","Reforma Ginásio Escola Municipal Nova Brasília",null,null,"DATA BASE:","2021-07-01"]
[null,"CLIENTE:","Município de Rodeio",null,null,"BDI:",0.25]
[null,"CPF/CNPJ:","83.102.814/0001-64"]
[null,"LOCALIZAÇÃO:","Rua Nova Brasília, n° 40, Glória - Rodeio - SC"]
[]
["MEDIANAS DE MERCADO"]
["ORDEM","CÓDIGO","DESCRIÇÃO","UND","PREÇO DE MERCADO 01",null,"PREÇO DE MERCADO 02",null,"PREÇO DE MERCADO 03",null,"MEDIANA DE MERCADO"]
[null,null,null,null,"EMPRESA","R$/UND","EMPRESA","R$/UND","EMPRESA","R$/UND"]
[1,"MED01","PAR DE REDE PARA TRAVE DE GOL SOCIETY SUIÇO 4 MTS CAIXOTE FIO 4 NYLON","UND","GISMAR",229,"TOP MAX",470,"WK ESPORTES",560,470]
[2,"MED02","REDE DE PROTEÇÃO ESPORTIVA SOB MEDIDA FIO 4 MALHA 15CM","UND","GISMAR",2754,"TOP MAX",5400,"WK ESPORTES",10800,5400]
[3,"MED03","PORTÃO METÁLICO TAM= 3,60m x 2,50m","UND","SERRALHERIA DO PRADO",5000,"AB ESQUADRIAS",5300,"MW SERRALHERIA",9840,5300]
[4,"MED04","PORTÃO METÁLICO TAM= 5,00m x 2,50m","UND","SERRALHERIA DO PRADO",6900,"AB ESQUADRIAS",7200,"MW SERRALHERIA",7090,7090]
[]
[]
[null,"Empresa:","GISMAR INDÚSTRIA E COMÉRCIO DE REDES TÊXTEIS LTDA","Empresa:","TOP MAX COMERCIAL LTDA",null,null,"Empresa:","SERRALHERIA DO PRADO"]
[null,"CNPJ:","56.757.156/0001-76","CNPJ:","72.924.616/0001-60",null,null,"CNPJ:","41.738.193/0001-60"]
[null,"Endereço:","RUA LUDOVICO LORENÇON, ECO PARK EMPRESARIAL, SANTA JÚLIA, ITUPEVA - SP","Endereço:","AVENIDA FRANCISCO RODRIGUES FILHO, N° 3990, SALA 2",null,null,"Endereço:","RUA CURITIBA N° 313, ALMIRANTE TAMANDARÉ, PR"]
[null,"Telefone:","(11) 2079-2309","Telefone:","(11) 2312-4314",null,null,"Telefone:","(41)  99807-1414"]
[null,"E-mail:","SABRINA@GISMAR.COM.BR","E-mail:","VENDAS@TOPMAX.COM.BR",null,null,"E-mail:","DOPRADOSERRALHERIA@GMAIL.COM"]
[null,"Contato:","SABRINA","Contato:","PAULA",null,null,"Contato:","EVERALDO"]
[null,"Data:","2021-07-13","Data:","2021-07-14",null,null,"Data:","2021-07-14"]
[]
[null,"Empresa:","AB ESQUADRIAS DE ALUMINIO LTDA","Empresa:","WK ESPORTES",null,null,"Empresa:","MW SERRALHERIA"]
[null,"CNPJ:","04.456.645-0001-94","CNPJ:","34.674.268/0001-20",null,null,"CNPJ:","22.745.612/0001-46"]
[null,"Endereço:","RUA PERNAMBUCO, N° 400, ESTADOS, INDAIAL SC","Endereço:","TV. ERNESTO GROSSE, N° 35, SÃO JOÃO CLIMACO, SÃO PAULO - SP",null,null,"Endereço:","RUA CANADÁ, N° 70, TIMBÓ SC"]
[null,"Telefone:","(47) 3333-2815","Telefone:","(11) 3624-5665",null,null,"Telefone:","(47) 3382-4105"]
[null,"E-mail:","ABESQUADRIAS@ABESQUADRAIS.COM.BR","E-mail:","WKESPORTESCS3@GMAIL.COM",null,null,"E-mail:","MWSERRALHERIA@OUTLOOK.COM"]
[null,"Contato:","SULAMITA","Contato:","-",null,null,"Contato:","SUÉLY STIEGLER"]
[null,"Data:","2021-07-16","Data:","2021-07-16",null,null,"Data:","2021-07-19"]
[]
[]
[]
[]
[]
[]
[]
[]
[]
[]
[]
[" "]
[]
[]
[]
[]
[]
[]
[]
[" "]
[]
[]
[]
[]
[]
[]
[]
[" "]

{"sheet":"CRONOGRAMA","index":4,"n_rows":81,"n_cols":7,"rows_kept":81,"cut":false,"hidden":false,"merged":[[16,1,17,1],[28,1,29,1],[45,0,46,0],[45,1,46,1],[20,1,21,1],[22,0,23,0],[22,1,23,1],[30,0,31,0],[30,1,31,1],[32,0,33,0],[32,1,33,1],[34,0,35,0],[34,1,35,1],[36,0,37,0],[36,1,37,1],[38,0,39,0],[75,2,76,2],[6,0,6,6],[9,0,10,0],[14,0,15,0],[9,1,10,1],[14,1,15,1],[75,6,76,6],[11,0,12,0],[11,1,12,1],[25,0,26,0],[25,1,26,1],[18,0,19,0],[18,1,19,1],[20,0,21,0],[28,0,29,0],[16,0,17,0],[47,0,48,0],[47,1,48,1],[49,0,50,0],[49,1,50,1],[38,1,39,1],[40,0,41,0],[40,1,41,1],[42,0,43,0],[42,1,43,1],[51,0,52,0],[51,1,52,1],[53,0,54,0],[53,1,54,1],[55,0,56,0],[55,1,56,1],[73,0,74,0],[73,1,74,1],[57,0,58,0],[57,1,58,1],[59,0,60,0],[59,1,60,1],[70,0,71,0],[70,1,71,1],[62,0,63,0],[62,1,63,1],[65,0,66,0],[65,1,66,1],[67,0,68,0],[67,1,68,1]]}
[]
["OBRA:","Reforma Ginásio Escola Municipal Nova Brasília",null,"DATA BASE:","2021-07-01"]
["CLIENTE:","Município de Rodeio",null,"BDI:",0.25]
["CPF/CNPJ:","83.102.814/0001-64"]
["LOCALIZAÇÃO:","Rua Nova Brasília, n° 40, Glória - Rodeio - SC"]
[]
["CRONOGRAMA FÍSICO-FINANCEIRO"]
["ITEM","DESCRIÇÃO","VALOR","MÊS 01","MÊS 02","MÊS 03","TOTAL ACUMULADO"]
[1,"SERVIÇOS PRELIMINARES E CANTEIRO DE OBRAS"]
["1.1","ADMINISTRAÇÃO GERAL",18806.7,6268.2731100000001,6268.2731100000001,6270.1537799999996,18806.7]
[null,null,5.7283967433848101E-2,0.33329999999999999,0.33329999999999999,0.33339999999999997,1]
["1.2","REMOÇÕES E DEMOLIÇÕES ",4119.9599999999991,4119.9599999999991,0,0,4119.9599999999991]
[null,null,1.2549126346927252E-2,1,null,null,1]
[2,"REFORMA DA ÁREA DA QUADRA"]
["2.1","PREPAROS INICIAIS",3571.5,3571.5,0,0,3571.5]
[null,null,1.0878553371404259E-2,1,null,null,1]
["2.2","RECUPERAÇÃO DE CONTRAPISO ",803.39,803.39,0,0,803.39]
[null,null,2.447072936595959E-3,1,null,null,1]
["2.3","CONTRAPISO NOVO SOBRE O EXISTENTE",78523.990000000005,0,78523.990000000005,0,78523.990000000005]
[null,null,0.23917889294431313,null,1,null,1]
["2.4","PINTURAS E DEMARCAÇÕES ",40690.32,0,0,40690.32,40690.32]
[null,null,0.12394003018886131,null,null,1,1]
["2.5","SUBSTITUIÇÃO DE REDES",7337.5,0,0,7337.5,7337.5]
[null,null,2.2349540910731835E-2,null,null,1,1]
[3,"REFORMA DA ESTRUTURA METÁLICA"]
["3.1","PINTURA DE ESTRUTURAS METÁLICAS",18800.82,0,9400.41,9400.41,18800.82]
[null,null,5.726605734177926E-2,null,0.5,0.5,1]
[4,"REFORMA, AMPLIAÇÃO E EXECUÇÃO DE NOVOS MUROS"]
["4.1","MOVIMENTAÇÕES DE TERRA",854.47,854.47,0,0,854.47]
[null,null,2.602659246608931E-3,1,null,null,1]
["4.2","INFRAESTRUTURA",11014.629999999997,11014.629999999997,0,0,11014.629999999997]
[null,null,3.3549836293229864E-2,1,null,null,1]
["4.3","SUPRAESTRUTURA",14046.27,0,7023.1350000000002,7023.1350000000002,14046.27]
[null,null,4.2784011721728826E-2,null,0.5,0.5,1]
["4.4","ALVENARIA DE VEDAÇÃO COM BLOCOS CERÂMICOS ",13095.87,0,6547.9350000000004,6547.9350000000004,13095.87]
[null,null,3.9889156024071649E-2,null,0.5,0.5,1]
["4.5","CHAPISCO E REBOCO",25091.019999999997,0,7527.3059999999987,17563.713999999996,25091.019999999997]
[null,null,7.6425591547801111E-2,null,0.3,0.7,1]
["4.6","PINTURA DE MURO",9023.7099999999991,0,2707.1129999999998,6316.5969999999988,9023.7099999999991]
[null,null,2.7485625323554339E-2,null,0.3,0.7,1]
["4.7","CHAPIM",9108.67,0,0,9108.67,9108.67]
[null,null,2.7744407878344906E-2,null,null,1,1]
["4.8","PORTÕES DE ACESSO",15487.5,0,0,15487.5,15487.5]
[null,null,4.717390321703023E-2,null,null,1,1]
[5,"CONSTRUÇÃO DE NOVO DEPÓSITO"]
["5.1","INFRAESTRUTURA",3528.2299999999996,0,3528.2299999999996,0,3528.2299999999996]
[null,null,1.0746755806128978E-2,null,1,null,1]
["5.2","LAJES",4027.9700000000003,0,4027.9700000000003,0,4027.9700000000003]
[null,null,1.2268930875938742E-2,null,1,null,1]
["5.3","ALVENARIA DE VEDAÇÃO COM BLOCOS CERÂMICOS ESTRUTURAIS",2750.2799999999997,0,2750.2799999999997,0,2750.2799999999997]
[null,null,8.3771714311369743E-3,null,1,null,1]
["5.4","VERGA ",151.26,0,151.26,0,151.26]
[null,null,4.607279806687969E-4,null,1,null,1]
["5.5","CHAPISCO E REBOCO",3801.44,0,3801.44,0,3801.44]
[null,null,1.1578935441184659E-2,null,1,null,1]
["5.6","PINTURAS E REVESTIMENTOS",1629.9099999999999,0,0,1629.9099999999999,1629.9099999999999]
[null,null,4.9645983271974E-3,null,null,1,1]
["5.7","ESQUADRIAS",1115.6099999999999,0,0,1115.6099999999999,1115.6099999999999]
[null,null,3.3980744579790857E-3,null,null,1,1]
["5.8","IMPERMEABIILIZAÇÕES",2232.1999999999998,0,2232.1999999999998,0,2232.1999999999998]
[null,null,6.7991339313029781E-3,null,1,null,1]
[6,"INSTALAÇÕES ELÉTRICAS"]
["6.1","TUBOS, CONEXÕES E ACESSÓRIOS - FORNECIMENTO E INSTALAÇÃO",12053.54,4017.4448820000002,4017.4448820000002,4018.6502359999999,12053.54]
[null,null,3.6714287611467479E-2,0.33329999999999999,0.33329999999999999,0.33339999999999997,1]
[7,"INSTALAÇÕES HIDROSSANITÁRIAS - PLUVIAL"]
["7.1","MOVIMENTAÇÕES DE TERRA",2879.42,1439.71,1439.71,0,2879.42]
[null,null,8.7705233511658556E-3,0.5,0.5,null,1]
["7.2","TUBOS, CONEXÕES E ACESSÓRIOS - FORNECIMENTO E INSTALAÇÃO",21342.59,10671.295,10671.295,0,21342.59]
[null,null,6.5008121069298291E-2,0.5,0.5,null,1]
[8,"INSTALAÇÕES HIDROSSANITÁRIAS - ÁGUA FRIA"]
["8.1","TUBOS, CONEXÕES E ACESSÓRIOS - FORNECIMENTO E INSTALAÇÃO",1145.9100000000001,0,1145.9100000000001,0,1145.9100000000001]
[null,null,3.4903662589460607E-3,null,1,null,1]
[9,"LIMPEZA DE OBRA"]
["9.1","LIMPEZA DA QUADRA COM JATO DE ALTA PRESSÃO",1271.8399999999999,0,0,1271.8399999999999,1271.8399999999999]
[null,null,3.8739407307536865E-3,null,null,1,1]
[null,"TOTAL PARCIAL",328306.52,42760.672991999993,151763.901992,132510.10501599999,328306.51999999996]
[null,"TOTAL ACUMULADO",null,42760.672991999993,194524.57498400001,327034.68,637806.33999999985]
[]
["REFERÊNCIAS"]
["SINAPI SC - Não Desonerado: maio/2021"]
["SICRO SC - Não Desonerado: janeiro/2021"]

{"sheet":"BDI","index":5,"n_rows":30,"n_cols":6,"rows_kept":30,"cut":false,"hidden":false,"merged":[[6,0,6,5]]}
[]
["OBRA:","Reforma Ginásio Escola Municipal Nova Brasília",null,"DATA BASE:","2021-07-01"]
["CLIENTE:","Município de Rodeio",null,"BDI:",0.25]
["CPF/CNPJ:","83.102.814/0001-64"]
["LOCALIZAÇÃO:","Rua Nova Brasília, n° 40, Glória - Rodeio - SC"]
[]
["CÁLCULO BENEFÍCIOS E DESEPESAS INDIRETAS (BDI)"]
["ITEM","DESCRIÇÃO","1 QUARTIL","MÉDIO","3 QUARTIL","VALOR ADOTADO"]
[1,"Taxa de Administração Central (AC)",3.7999999999999999E-2,4.0099999999999997E-2,4.6699999999999998E-2,4.0099999999999997E-2]
[2,"Taxa de Seguro e Garantia (S + G)",3.2000000000000002E-3,4.0000000000000001E-3,7.4000000000000003E-3,4.0000000000000001E-3]
[3,"Taxa de Risco (R)",5.0000000000000001E-3,5.6000000000000008E-3,9.7000000000000003E-3,5.6000000000000008E-3]
[4,"Taxa de Despesas Financeiras (DF)",1.0200000000000001E-2,1.11E-2,1.21E-2,1.11E-2]
[5,"Taxa de Lucro/Remuneração (L)",6.6400000000000001E-2,7.2999999999999995E-2,8.6899999999999991E-2,7.2999999999999995E-2]
[6,"Taxa de Tributos (I)",7.6499999999999999E-2,0.13200000000000001,0.1875,6.6500000000000004E-2]
["6.1","PIS",6.5000000000000006E-3,6.5000000000000006E-3,6.5000000000000006E-3,6.5000000000000006E-3]
["6.2","COFINS",0.03,0.03,0.03,0.03]
["6.3","ISS",0.02,3.5000000000000003E-2,0.05,0.03]
["6.4","CPRB",0.02,3.2500000000000001E-2,4.4999999999999998E-2,0]
[]
[]
[]
[]
[]
[]
[]
[null,"BDI ADOTADO",0.25]
[]
["REFERÊNCIAS"]
["SINAPI SC - Não Desonerado: maio/2021"]
["SICRO SC - Não Desonerado: janeiro/2021"]